All Cities on a Map by Letter - C - Statistics

General Stats
  • This quiz has been taken 17 times
    14 since last reset
  • The average score is 126 of 3357
Answers on the Map
Answers color-coded by a green-red scale on the quiz's map according to % correct below.
 
Answer Stats
Country City population City % Correct
Turkey 17889 Çal
92%
Egypt 20296000 Cairo
83%
United States 10067 Cairo
83%
Turkey 30970 Çan
83%
South Africa 4770313 Cape Town
83%
United States 1436613 Charlotte
75%
United States 9269 Charlotte
75%
Algeria 35682 Collo
75%
Cuba 31482 Colombia
75%
United States 605083 Columbia
75%
United States 141811 Columbia
75%
United States 105871 Columbia
75%
United States 43971 Columbia
75%
United States 11063 Columbia
75%
United States 10217 Columbia
75%
United States 1578153 Columbus
75%
United States 257578 Columbus
75%
United States 51104 Columbus
75%
United States 24188 Columbus
75%
United States 23616 Columbus
75%
Venezuela 3242000 Caracas
67%
United States 726389 Charleston
67%
United States 133045 Charleston
67%
United States 17212 Charleston
67%
China 14645000 Chengdu
67%
China 12135000 Chongqing
67%
Denmark 1366301 Copenhagen
67%
India 12395000 Chennai
58%
United States 8489066 Chicago
58%
New Zealand 383200 Christchurch
58%
United Kingdom 31378 Christchurch
58%
United States 1679247 Cleveland
58%
United States 70578 Cleveland
58%
United States 10855 Cleveland
58%
Germany 1087353 Cologne
58%
Ireland 222333 Cork
58%
Angola 279792 Caála
50%
Australia 146778 Cairns
50%
Canada 1306784 Calgary
50%
Colombia 2838333 Cali
50%
Australia 381488 Canberra
50%
Mexico 888797 Cancún
50%
Morocco 3215935 Casablanca
50%
Chile 21874 Casablanca
50%
Turkey 15556 Çat
50%
India 12979 Chāng
50%
China 4766296 Changsha
50%
China 717700 Changsha
50%
Spain 9022 Cheste
50%
United Kingdom 87507 Chester
50%
United States 33209 Chester
50%
United States 23519 Chester
50%
Canada 10310 Chester
50%
Colombia 124309 Chía
50%
United States 1704916 Cincinnati
50%
Sri Lanka 752993 Colombo
50%
Brazil 183329 Colombo
50%
Italy 83184 Como
50%
Guinea 1667864 Conakry
50%
Argentina 2106734 Córdoba
50%
Spain 323763 Córdoba
50%
Mexico 204721 Córdoba
50%
Colombia 14006 Córdoba
50%
Colombia 12266 Córdoba
50%
United States 339432 Corpus Christi
50%
Peru 428450 Cusco
50%
Mexico 202694 Cabo San Lucas
42%
France 67585 Calais
42%
Canada 138479 Cambridge
42%
United Kingdom 123867 Cambridge
42%
United States 117794 Cambridge
42%
New Zealand 18651 Cambridge
42%
United States 13094 Cambridge
42%
United States 10046 Cambridge
42%
United States 9992 Cambridge
42%
Italy 311584 Catania
42%
Turkey 14599 Çay
42%
Germany 17593 Cham
42%
Russia 1177058 Chelyabinsk
42%
Russia 333159 Chita
42%
Japan 83881 Chita
42%
Colombia 9542 Chita
42%
United States 15410 Clark
42%
Brazil 22896 Colorado
42%
United States 638421 Colorado Springs
42%
Algeria 448374 Constantine
42%
Benin 43554 Cové
42%
United Kingdom 362690 Coventry
42%
United States 35757 Coventry
42%
United States 36390 Cumberland
42%
United States 18938 Cumberland
42%
United States 8546 Cumberland
42%
Philippines 23119 Caba
33%
United States 9976 Cape Canaveral
33%
United States 656464 Cape Coral
33%
United States 132741 Carrollton
33%
United States 27058 Carrollton
33%
United States 29603 Central
33%
Brazil 16348 Central
33%
Poland 59546 Chełm
33%
France 25370 Cherbourg
33%
United States 49591 Chesterfield
33%
United Kingdom 10688 Chesterfield
33%
United States 9213 Chesterfield
33%
United States 81378 Cheyenne
33%
Thailand 1198000 Chiang Mai
33%
Mexico 925762 Chihuahua
33%
Mexico 10000 China
33%
Australia 3160 Clare
33%
United States 218159 Clarksville
33%
United States 22121 Clarksville
33%
United States 9500 Clarksville
33%
United States 117075 Clearwater
33%
United Kingdom 121859 Colchester
33%
United States 17570 Colchester
33%
United States 11730 College
33%
United States 10838 College
33%
Venezuela 195227 Coro
33%
Benin 679012 Cotonou
33%
Brazil 483346 Cuiabá
33%
Colombia 12065 Curití
33%
Angola 739182 Cabinda
25%
Spain 96441 Cáceres
25%
Brazil 85857 Cáceres
25%
Colombia 42112 Cáceres
25%
Philippines 158544 Cadiz
25%
Spain 110914 Cádiz
25%
France 108398 Caen
25%
Italy 148117 Cagliari
25%
United States 13223 California
25%
Brazil 8710 Califórnia
25%
United States 71471 Camden
25%
United States 10427 Camden
25%
United States 42848 Campbell
25%
Brazil 663621 Campo Grande
25%
France 74040 Cannes
25%
Puerto Rico 139051 Carolina
25%
United States 93523 Carson
25%
United States 58364 Carson City
25%
United States 176686 Cary
25%
United States 17875 Cary
25%
Brazil 71809 Castro
25%
Chile 33417 Castro
25%
Germany 70293 Celle
25%
Australia 346596 Central Coast
25%
India 13332 Chandi
25%
India 14933 Chāndi
25%
India 1055450 Chandīgarh
25%
United States 278123 Chandler
25%
India 19924 Chatiā
25%
United Kingdom 10285 Cheam
25%
United Kingdom 115369 Chelmsford
25%
United States 36220 Chelmsford
25%
Germany 250681 Chemnitz
25%
United States 251153 Chesapeake
25%
Japan 975014 Chiba
25%
Peru 552508 Chiclayo
25%
United States 109411 Chico
25%
Switzerland 35373 Chur
25%
Indonesia 296389 Cirebon
25%
Philippines 39356 Clarin
25%
Philippines 21158 Clarin
25%
United States 60083 Clay
25%
United States 10288 Clay
25%
Bolivia 856198 Cochabamba
25%
Australia 25752 Coffs Harbour
25%
India 959823 Coimbatore
25%
Portugal 140816 Coimbra
25%
Mexico 146965 Colima
25%
United States 34397 College Park
25%
United States 13969 College Park
25%
United States 215768 College Station
25%
United States 525233 Concord
25%
United States 297379 Concord
25%
United States 44219 Concord
25%
United States 18226 Concord
25%
United States 18197 Concord
25%
United States 18028 Concord
25%
Canada 47845 Cornwall
25%
United States 12801 Cornwall
25%
Philippines 65855 Coron
25%
United States 158839 Corona
25%
United States 18558 Coronado
25%
Mexico 77236 Cozumel
25%
Brazil 1773718 Curitiba
25%
Serbia 71883 Čačak
17%
Canada 76581 Caledon
17%
South Africa 13020 Caledon
17%
United States 25292 Caledonia
17%
Canada 12179 Caledonia
17%
Cuba 321992 Camagüey
17%
United States 74210 Camarillo
17%
United States 8721 Cameron
17%
Romania 28993 Câmpina
17%
Brazil 419379 Campina Grande
17%
Brazil 1213792 Campinas
17%
Brazil 511168 Campos
17%
Brazil 50852 Campos do Jordão
17%
Turkey 143622 Çanakkale
17%
Turkey 90564 Çankırı
17%
United States 293657 Canton
17%
United States 34587 Canton
17%
United States 24459 Canton
17%
United States 13408 Canton
17%
United States 11620 Canton
17%
United States 10863 Canton
17%
Canada 93694 Cape Breton
17%
Ghana 169894 Cape Coast
17%
United States 21813 Carbondale
17%
United States 8820 Carbondale
17%
United Kingdom 75399 Carlisle
17%
United States 21335 Carlisle
17%
United States 100501 Carmel
17%
United States 33761 Carmel
17%
United States 10261 Carroll
17%
Colombia 914552 Cartagena
17%
Spain 219777 Cartagena
17%
Chile 22738 Cartagena
17%
Tunisia 21276 Carthage
17%
United States 15513 Carthage
17%
United States 11645 Carver
17%
Spain 10432 Caspe
17%
United States 68438 Casper
17%
Philippines 60635 Castilla
17%
Germany 74370 Castrop-Rauxel
17%
Italy 84670 Catanzaro
17%
United States 52047 Cathedral City
17%
Italy 10777 Cave
17%
Philippines 964169 Cebu City
17%
United States 40662 Cedar Falls
17%
United States 192755 Cedar Rapids
17%
United States 22051 Chambersburg
17%
Canada 31444 Chambly
17%
France 9909 Chambly
17%
China 4408154 Changchun
17%
Korea, South 1009998 Changwon
17%
China 3601079 Changzhou
17%
Brazil 224013 Chapecó
17%
Canada 52390 Charlottetown
17%
Canada 75891 Châteauguay
17%
Canada 103988 Chatham
17%
United Kingdom 76792 Chatham
17%
United States 14740 Chatham
17%
Canada 11594 Chatham
17%
United States 11001 Chatham
17%
United States 410795 Chattanooga
17%
Czechia 32825 Cheb
17%
United States 39460 Chelsea
17%
United States 15731 Chelsea
17%
United Kingdom 116447 Cheltenham
17%
United States 38029 Cheltenham
17%
China 4667134 Chenzhou
17%
Ukraine 282747 Chernihiv
17%
Ukraine 264298 Chernivtsi
17%
Canada 93203 Chilliwack
17%
Moldova 639000 Chisinau
17%
Japan 97945 Chitose
17%
Korea, North 667929 Ch’ŏngjin
17%
United States 275030 Chula Vista
17%
China 3937868 Chuzhou
17%
United States 83223 Cicero
17%
United States 31218 Cicero
17%
Indonesia 586580 Cimahi
17%
Venezuela 978202 Ciudad Guayana
17%
United States 36553 Claremont
17%
United States 13054 Claremont
17%
United States 28043 Clayton
17%
United States 17282 Clayton
17%
United States 13269 Clayton
17%
United States 10962 Clayton
17%
United Kingdom 9180 Clayton
17%
United States 8867 Clayton
17%
United States 38756 Clinton
17%
United States 27418 Clinton
17%
United States 24425 Clinton
17%
United States 23492 Clinton
17%
United States 15430 Clinton
17%
United States 13347 Clinton
17%
United States 10141 Clinton
17%
United States 9047 Clinton
17%
Romania 286598 Cluj-Napoca
17%
United States 42594 Coachella
17%
United Kingdom 43960 Coatbridge
17%
Canada 20519 Cobourg
17%
Germany 42139 Coburg
17%
United States 19330 Cocoa
17%
United States 11341 Cocoa Beach
17%
United States 10121 Cody
17%
United States 128680 Coeur d'Alene
17%
El Salvador 96989 Colón
17%
Panama 78000 Colón
17%
Cuba 72000 Colón
17%
Venezuela 36925 Colón
17%
Argentina 23171 Colón
17%
Argentina 23150 Colón
17%
Costa Rica 17274 Colón
17%
United States 53798 Colton
17%
United States 25681 Columbine
17%
Brazil 18238 Comodoro
17%
Argentina 201228 Comodoro Rivadavia
17%
Argentina 199634 Concordia
17%
Colombia 20271 Concordia
17%
Colombia 9681 Concordia
17%
Brazil 81646 Concórdia
17%
United States 96976 Conroe
17%
Romania 263707 Constanţa
17%
United States 69918 Conway
17%
United States 26082 Conway
17%
United States 13346 Conway
17%
United States 10068 Conway
17%
United Kingdom 15700 Conwy
17%
United States 49243 Coral Gables
17%
United States 133962 Coral Springs
17%
Turkey 300296 Çorlu
17%
Argentina 352646 Corrientes
17%
United States 8898 Cortez
17%
United States 17465 Cortland
17%
Turkey 269595 Çorum
17%
Germany 100010 Cottbus
17%
United States 40902 Covington
17%
United States 20957 Covington
17%
United States 14334 Covington
17%
United States 11568 Covington
17%
United States 8612 Covington
17%
Romania 234140 Craiova
17%
United States 82632 Cranston
17%
United States 9097 Crawford
17%
Ecuador 361524 Cuenca
17%
Spain 53429 Cuenca
17%
Philippines 36235 Cuenca
17%
Mexico 808416 Culiacán
17%
United States 39993 Culver City
17%
India 606007 Cuttack
17%
Chile 20 Cuya
17%
United States 50864 Cuyahoga Falls
17%
United States 49531 Cypress
17%
Venezuela 288595 Cabimas
8%
Brazil 126828 Cabo Frio
8%
Brazil 11410 Cabo Verde
8%
Brazil 174879 Cachoeiro de Itapemirim
8%
Philippines 728402 Cagayan de Oro
8%
Moldova 30018 Cahul
8%
Nigeria 179392 Calabar
8%
United States 22869 Calabasas
8%
Chile 157575 Calama
8%
Romania 10055 Călan
8%
Peru 9732 Calca
8%
United States 63465 Caldwell
8%
United States 8898 Caldwell
8%
United States 38476 Calexico
8%
United States 17611 Calhoun
8%
United States 14821 California City
8%
Peru 415888 Callao
8%
United States 35253 Calumet City
8%
United States 17721 Calverton
8%
Vietnam 226372 Cà Mau
8%
Brazil 107208 Cambé
8%
Turkey 17549 Çameli
8%
Canada 8833 Campbellton
8%
Mexico 249623 Campeche
8%
Costa Rica 26201 Cañas
8%
Canada 22997 Candiac
8%
China 7300783 Cangzhou
8%
Guatemala 12724 Canillá
8%
Canada 15990 Canmore
8%
United Kingdom 54880 Canterbury
8%
United States 9547 Cape Elizabeth
8%
United States 40047 Cape Girardeau
8%
Brazil 344596 Carapicuíba
8%
Peru 23841 Carás
8%
Brazil 324285 Cariacica
8%
Spain 16428 Carlet
8%
Canada 13940 Carleton Place
8%
United States 114500 Carlsbad
8%
United States 31813 Carlsbad
8%
Mexico 248845 Carmen
8%
Philippines 82018 Carmen
8%
Philippines 79140 Carmen
8%
Philippines 49191 Carmen
8%
Philippines 23172 Carmen
8%
Philippines 11720 Carmen
8%
United States 78070 Carmichael
8%
South Africa 6612 Carnarvon
8%
Australia 208 Carnarvon
8%
United States 28624 Carney
8%
Central African Republic 45421 Carnot
8%
United States 13639 Carnot-Moon
8%
United States 39427 Carol Stream
8%
United States 37544 Carpentersville
8%
Haiti 511345 Carrefour
8%
United States 25187 Carteret
8%
United States 23617 Cartersville
8%
Brazil 253634 Caruaru
8%
United States 57590 Casa Grande
8%
Brazil 55730 Casa Nova
8%
United States 70770 Casas Adobes
8%
Brazil 9465 Casca
8%
Brazil 348051 Cascavel
8%
Brazil 57129 Cascavel
8%
Brazil 134496 Castanhal
8%
Spain 180379 Castellón de la Plana
8%
United States 76614 Castle Rock
8%
United Kingdom 10159 Castleton
8%
Saint Lucia 70000 Castries
8%
United States 65389 Castro Valley
8%
United States 51756 Catalina Foothills
8%
Argentina 159139 Catamarca
8%
Guatemala 35542 Catarina
8%
Brazil 10243 Catarina
8%
Brazil 355679 Caucaia
8%
Brazil 139756 Caxias
8%
Portugal 9007 Caxias
8%
Brazil 360419 Caxias do Sul
8%
French Guiana 61550 Cayenne
8%
United States 14740 Cecil
8%
United States 37202 Cedar City
8%
United States 13252 Cedar Grove
8%
United States 48547 Cedar Hill
8%
United States 77474 Cedar Park
8%
Mexico 378143 Celaya
8%
Slovenia 37872 Celje
8%
United States 107386 Centennial
8%
United States 11674 Center
8%
United States 24815 Centerville
8%
United States 16692 Centerville
8%
United States 18457 Centralia
8%
United States 12009 Centralia
8%
United States 48918 Ceres
8%
South Africa 33224 Ceres
8%
Brazil 22046 Ceres
8%
Argentina 14499 Ceres
8%
France 69578 Cergy
8%
United States 48340 Cerritos
8%
Mexico 14804 Cerritos
8%
Italy 9571 Cesa
8%
Italy 95778 Cesena
8%
Montenegro 12460 Cetinje
8%
Trinidad and Tobago 101297 Chaguanas
8%
Mexico 310130 Chalco
8%
United States 10625 Chalco
8%
France 60251 Chambéry
8%
United States 148477 Champaign
8%
France 78367 Champigny-sur-Marne
8%
China 433200 Chang’an
8%
China 5279102 Changde
8%
China 16308 Changji
8%
China 1510100 Changshu
8%
China 3180884 Changzhi
8%
Taiwan 29177 Changzhi
8%
Greece 53910 Chaniá
8%
United States 43536 Channelview
8%
United States 59889 Chapel Hill
8%
Belgium 204322 Charleroi
8%
U.S. Virgin Islands 14477 Charlotte Amalie
8%
United States 102802 Charlottesville
8%
Brazil 16440 Charqueada
8%
Brazil 35012 Charqueadas
8%
France 37990 Chartres
8%
India 141640 Chās
8%
Bangladesh 2581643 Chattogram
8%
Burma 44289 Chauk
8%
Russia 496350 Cheboksary
8%
China 3510000 Chengde
8%
Korea, South 852018 Cheongju
8%
Russia 298790 Cherepovets
8%
Ukraine 269836 Cherkasy
8%
Russia 123100 Cherkessk
8%
India 11836 Chero
8%
United States 75641 Cherry Hill
8%
United States 23443 Cherry Hill
8%
United States 14326 Chesterton
8%
Mexico 169028 Chetumal
8%
United States 9484 Chevy Chase
8%
Thailand 69888 Chiang Rai
8%
Guatemala 32271 Chiché
8%
United Kingdom 29407 Chichester
8%
Japan 59101 Chichibu
8%
United States 55213 Chicopee
8%
Canada 103934 Chicoutimi
8%
China 4035967 Chifeng
8%
Japan 242347 Chigasaki
8%
United States 29070 Chili
8%
United States 21958 Chillicothe
8%
United States 9129 Chillicothe
8%
Mexico 225728 Chilpancingo
8%
Mozambique 238976 Chimoio
8%
Zambia 256560 Chingola
8%
China 56609 Chini
8%
United States 91775 Chino
8%
Japan 55018 Chino
8%
United States 78024 Chino Hills
8%
United Kingdom 36762 Chippenham
8%
Russia 58815 Chistopol
8%
Zimbabwe 371244 Chitungwiza
8%
China 1342764 Chizhou
8%
Thailand 342959 Chon Buri
8%
Poland 104193 Chorzów
8%
United States 18876 Chowchilla
8%
Japan 30660 Chūō
8%
United States 10813 Citrus
8%
United States 87036 Citrus Heights
8%
Italy 20023 Cittadella
8%
Mexico 160225 Ciudad Acuña
8%
Mexico 523370 Ciudad Apodaca
8%
Venezuela 422578 Ciudad Bolívar
8%
Colombia 27458 Ciudad Bolívar
8%
Mexico 191238 Ciudad del Carmen
8%
Paraguay 308983 Ciudad del Este
8%
Argentina 73155 Ciudadela
8%
Mexico 115000 Ciudad Guzmán
8%
Mexico 489937 Ciudad López Mateos
8%
Mexico 197216 Ciudad Madero
8%
Mexico 329404 Ciudad Obregón
8%
Mexico 177022 Ciudad Valles
8%
Mexico 305155 Ciudad Victoria
8%
Italy 51653 Civitavecchia
8%
Turkey 130916 Cizre
8%
United Kingdom 50548 Clacton-on-Sea
8%
United States 32975 Clarence
8%
Canada 26505 Clarence-Rockland
8%
Canada 101427 Clarington
8%
United States 29246 Clarksburg
8%
United States 15829 Clarksburg
8%
United States 14423 Clarksdale
8%
United States 16604 Clearlake
8%
Canada 14151 Clearview
8%
United States 44984 Clermont
8%
France 10704 Clermont
8%
France 147751 Clermont-Ferrand
8%
United States 44694 Cleveland Heights
8%
France 65102 Clichy
8%
United States 122719 Clovis
8%
United States 38153 Clovis
8%
Mexico 293444 Coacalco
8%
United States 9850 Coal
8%
Canada 8698 Coaticook
8%
Mexico 319187 Coatzacoalcos
8%
Ireland 12347 Cobh
8%
United Kingdom 9739 Cobham
8%
Brazil 28212 Cocal
8%
United States 57587 Coconut Creek
8%
Brazil 111146 Codó
8%
United States 11223 Cold Springs
8%
Canada 24811 Collingwood
8%
France 67360 Colmar
8%
France 90692 Colombes
8%
United States 18294 Colonia
8%
Micronesia, Federated States of 3126 Colonia
8%
United States 18210 Colonial Heights
8%
United States 22016 Columbia Heights
8%
Benin 33507 Comé
8%
Mexico 113479 Comitán
8%
United States 12072 Commerce
8%
United States 9211 Commerce
8%
United States 64640 Commerce City
8%
United States 93525 Compton
8%
Philippines 169953 Concepcion
8%
Philippines 44633 Concepcion
8%
Philippines 9324 Concepcion
8%
Chile 719944 Concepción
8%
Argentina 49782 Concepción
8%
Paraguay 45068 Concepción
8%
Peru 15428 Concepción
8%
Philippines 27552 Conner
8%
United States 13241 Connersville
8%
Brazil 538017 Contagem
8%
United States 35544 Cookeville
8%
United States 15300 Coolidge
8%
United States 63348 Coon Rapids
8%
United States 34166 Cooper City
8%
United States 15867 Coos Bay
8%
Colombia 73574 Copacabana
8%
United States 42029 Coppell
8%
United States 37149 Copperas Cove
8%
Canada 148625 Coquitlam
8%
United States 22626 Corcoran
8%
United States 10107 Cordele
8%
Philippines 46477 Cordon
8%
Philippines 18344 Cortes
8%
Philippines 17924 Cortes
8%
Brazil 10198 Cortês
8%
United States 41886 Cortlandt
8%
United States 67769 Corvallis
8%
United States 110538 Costa Mesa
8%
Canada 34504 Côte-Saint-Luc
8%
United States 40124 Cottage Grove
8%
United States 10630 Cottage Grove
8%
United States 62564 Council Bluffs
8%
France 13490 Courcouronnes
8%
United States 50143 Covina
8%
Canada 15234 Cowansville
8%
Bangladesh 223522 Cox’s Bāzār
8%
United States 23841 Cranford
8%
United States 16408 Crawfordsville
8%
United Kingdom 106597 Crawley
8%
France 36494 Creil
8%
France 8712 Crest
8%
France 92859 Créteil
8%
United Kingdom 55315 Crewe
8%
Brazil 211369 Criciúma
8%
United Kingdom 51789 Crosby
8%
United States 34042 Crown Point
8%
Brazil 29761 Cruz
8%
United States 22685 Crystal
8%
United States 40436 Crystal Lake
8%
Venezuela 127900 Cúa
8%
Mexico 178847 Cuautitlán
8%
Mexico 18370 Cuautitlán
8%
Mexico 140059 Cuautitlán Izcalli
8%
Mexico 194786 Cuautla
8%
Colombia 806378 Cúcuta
8%
United States 22325 Cudahy
8%
United States 17964 Cudahy
8%
Mexico 338650 Cuernavaca
8%
Angola 512706 Cuito
8%
United States 18894 Cullman
8%
United States 20437 Culpeper
8%
Venezuela 405626 Cumaná
8%
United States 58886 Cupertino
8%
India 17396 Curti
8%
United States 44483 Cutler Bay
8%
Germany 48713 Cuxhaven
8%
Poland 213107 Częstochowa
8%
Paraguay 56864 Caacupé
0%
Brazil 8803 Caapiranga
0%
Brazil 21193 Caaporã
0%
Paraguay 23996 Caazapá
0%
Brazil 16559 Cabaceiras do Paraguaçu
0%
Philippines 80354 Cabadbaran
0%
Philippines 53897 Cabagan
0%
Cuba 32000 Cabaiguán
0%
Peru 25000 Caballococha
0%
Spain 10012 Cabañaquinta
0%
Guatemala 14817 Cabañas
0%
Philippines 327325 Cabanatuan City
0%
Philippines 28118 Cabangan
0%
Philippines 36286 Cabanglasan
0%
Spain 10968 Cabanillas del Campo
0%
Haiti 62063 Cabaret
0%
Dominican Republic 14600 Cabarete
0%
Philippines 33533 Cabarroguis
0%
Philippines 61110 Cabatuan
0%
Philippines 39990 Cabatuan
0%
Portugal 16710 Cabeceiras de Basto
0%
Brazil 66519 Cabedelo
0%
France 10414 Cabestany
0%
Philippines 85862 Cabiao
0%
Chile 19388 Cabildo
0%
Morocco 42651 Cabo Bojador
0%
Australia 26433 Caboolture
0%
Puerto Rico 9222 Cabo Rojo
0%
United States 26733 Cabot
0%
Spain 20024 Cabra
0%
Dominican Republic 14823 Cabral
0%
Italy 8728 Càbras
0%
Dominican Republic 24218 Cabrera
0%
Chile 27595 Cabrero
0%
Brazil 50429 Cabreúva
0%
Guatemala 28124 Cabricán
0%
France 10143 Cabriès
0%
Brazil 30294 Cabrobó
0%
Philippines 21542 Cabucgayan
0%
Venezuela 70578 Cabudare
0%
Philippines 38884 Cabugao
0%
Philippines 19257 Cabusao
0%
Philippines 355330 Cabuyao
0%
Brazil 79313 Caçador
0%
Mexico 19108 Cacahoatán
0%
El Salvador 10943 Cacaopera
0%
Brazil 91162 Caçapava
0%
Brazil 32515 Caçapava do Sul
0%
Portugal 21289 Cacém
0%
Brazil 11157 Cacequi
0%
France 30526 Cachan
0%
Guinea-Bissau 5674 Cacheu
0%
Colombia 9833 Cachipay
0%
Colombia 10970 Cáchira
0%
Brazil 29250 Cachoeira
0%
Brazil 11513 Cachoeira Alta
0%
Brazil 10555 Cachoeira de Minas
0%
Brazil 23981 Cachoeira do Arari
0%
Brazil 9151 Cachoeira dos Índios
0%
Brazil 80070 Cachoeira do Sul
0%
Brazil 32294 Cachoeira Paulista
0%
Brazil 56943 Cachoeiras de Macacu
0%
Brazil 136258 Cachoeirinha
0%
Brazil 19899 Cachoeirinha
0%
Brazil 17178 Cacimba de Dentro
0%
Brazil 9552 Cacimbinhas
0%
Brazil 73568 Cacoal
0%
Cuba 39153 Cacocum
0%
Angola 31895 Cacolo
0%
Angola 167820 Caconda
0%
Brazil 18976 Caconde
0%
Angola 48801 Cacongo
0%
Brazil 13774 Caçu
0%
Angola 1279488 Cacuaco
0%
Angola 136977 Cacula
0%
Brazil 22462 Caculé
0%
Angola 39302 Cacuso
0%
Angola 39302 Cacuso
0%
Somalia 510654 Cadaado
0%
Somalia 11600 Cadale
0%
Portugal 14525 Cadaval
0%
Slovakia 22580 Čadca
0%
Italy 10613 Cadelbosco di Sopra
0%
Mexico 13347 Cadereyta
0%
Mexico 75721 Cadereyta Jiménez
0%
United States 10404 Cadillac
0%
Germany 11312 Cadolzburg
0%
Italy 15801 Cadoneghe
0%
Brazil 10384 Caém
0%
United Kingdom 361469 Caerdydd
0%
United Kingdom 14185 Caerfyrddin
0%
United Kingdom 9615 Caernarfon
0%
United Kingdom 15989 Caerphilly
0%
Brazil 11266 Caetano
0%
Brazil 11435 Caetanópolis
0%
Brazil 45047 Caeté
0%
Brazil 28827 Caetés
0%
Brazil 52012 Caetité
0%
Brazil 17466 Cafarnaum
0%
Argentina 11785 Cafayate
0%
Brazil 18997 Cafelândia
0%
Brazil 17499 Cafelândia
0%
Philippines 18350 Cagdianao
0%
Turkey 22350 Çağlayancerit
0%
France 52852 Cagnes-sur-Mer
0%
Venezuela 107932 Cagua
0%
Puerto Rico 72862 Caguas
0%
Philippines 21747 Cagwait
0%
Angola 70061 Cahama
0%
United States 17173 Cahokia Heights
0%
France 19902 Cahors
0%
Brazil 14673 Caiapônia
0%
Cuba 38479 Caibarién
0%
Philippines 24167 Caibiran
0%
Colombia 28825 Caicedonia
0%
Brazil 61146 Caicó
0%
Morocco 15990 Caidat Sidi Boubker El Haj
0%
Brazil 102775 Caieiras
0%
China 45580 Caiguantun
0%
Vietnam 123775 Cai Lậy
0%
Cuba 11273 Caimanera
0%
Angola 90838 Caimbambo
0%
Cuba 36813 Caimito
0%
Colombia 12077 Caimito
0%
Philippines 376933 Cainta
0%
Guinea-Bissau 12696 Caió
0%
Italy 12660 Cairo Montenotte
0%
Brazil 17761 Cairu
0%
United Kingdom 8617 Caister-on-Sea
0%
Italy 35874 Caivano
0%
Peru 22830 Cajabamba
0%
Brazil 71805 Cajamar
0%
Peru 201329 Cajamarca
0%
Colombia 17309 Cajamarca
0%
Brazil 10121 Cajapió
0%
Brazil 16412 Cajari
0%
Brazil 28494 Cajati
0%
Brazil 63239 Cajazeiras
0%
Serbia 14585 Čajetina
0%
Colombia 38703 Cajibío
0%
Colombia 82244 Cajicá
0%
Philippines 23259 Cajidiocan
0%
Brazil 9133 Cajobi
0%
Guatemala 19333 Cajolá
0%
Brazil 16024 Cajueiro
0%
Brazil 26393 Cajuru
0%
Romania 9139 Cajvana
0%
Croatia 27122 Čakovec
0%
Indonesia 39126 Cakung
0%
Philippines 88906 Calabanga
0%
Philippines 143403 Calabayan
0%
Venezuela 168605 Calabozo
0%
Philippines 87361 Calaca
0%
Romania 13807 Calafat
0%
Spain 31828 Calafell
0%
Spain 25064 Calahorra
0%
Colombia 24573 Calamar
0%
Colombia 9091 Calamar
0%
Philippines 23227 Calamba
0%
Philippines 12550 Calanasan
0%
Angola 101703 Calandala
0%
Philippines 14985 Calanogas
0%
Philippines 145786 Calapan
0%
Philippines 145786 Calapan
0%
Philippines 33079 Calape
0%
Romania 58211 Călăraşi
0%
Moldova 10808 Călăraşi
0%
Colombia 71605 Calarcá
0%
Philippines 100471 Calasiao
0%
Spain 10286 Calasparra
0%
Philippines 58719 Calatagan
0%
Spain 19850 Calatayud
0%
Philippines 82540 Calatrava
0%
Philippines 11342 Calatrava
0%
Equatorial Guinea 628 Calatrava
0%
Philippines 71809 Calauag
0%
Philippines 87693 Calauan
0%
Philippines 17410 Calayan
0%
Philippines 186960 Calbayog City
0%
Philippines 23310 Calbiga
0%
Chile 15903 Calbuco
0%
Brazil 11093 Calçado
0%
Ecuador 20011 Calceta
0%
Italy 12738 Calcinaia
0%
Italy 12862 Calcinato
0%
Brazil 10612 Calçoene
0%
Colombia 85385 Caldas
0%
Brazil 14217 Caldas
0%
Portugal 51729 Caldas da Rainha
0%
Spain 8509 Caldas de Malavella
0%
Spain 18336 Caldas de Montbuy
0%
Spain 9614 Caldas de Reyes
0%
Brazil 98622 Caldas Novas
0%
Brazil 13080 Caldeirão Grande
0%
Chile 16150 Caldera
0%
Italy 13502 Calderara di Reno
0%
United Kingdom 9815 Caldicot
0%
Turkey 58635 Çaldıran
0%
Italy 11297 Caldogno
0%
Colombia 34132 Caldono
0%
Spain 20369 Calella
0%
Angola 531 Calenga
0%
Italy 18084 Calenzano
0%
United States 17188 Calera
0%
Chile 18235 Calera de Tango
0%
Argentina 51733 Caleta Olivia
0%
Portugal 11521 Calheta
0%
Cabo Verde 4123 Calheta de São Miguel
0%
India 431560 Calicut
0%
Mexico 47033 Calimaya
0%
Italy 66777 Calimera
0%
United States 10680 Calimesa
0%
Cuba 27210 Calimete
0%
Philippines 62853 Calinog
0%
Philippines 30190 Calintaan
0%
Mexico 14934 Calkiní
0%
United States 13297 Callaway
0%
Chile 13366 Calle Larga
0%
Saint Vincent and the Grenadines 24205 Calliaqua
0%
Spain 19658 Callosa de Segura
0%
United States 14555 Caln
0%
Mexico 17163 Calnali
0%
United Kingdom 19133 Calne
0%
Vietnam 11884 Cửa Lô
0%
Italy 13514 Calolziocorte
0%
Philippines 1661584 Caloocan City
0%
Colombia 25416 Caloto
0%
Australia 41293 Caloundra
0%
Spain 26821 Calpe
0%
Mexico 33263 Calpulalpan
0%
Italy 35765 Caltagirone
0%
Italy 58532 Caltanissetta
0%
Philippines 31646 Calubian
0%
El Salvador 11056 Caluco
0%
France 43479 Caluire-et-Cuire
0%
Angola 60709 Calulo
0%
Philippines 15602 Calumpang
0%
Philippines 118471 Calumpit
0%
Angola 179931 Caluquembe
0%
Angola 169420 Caluquembe
0%
Somalia 513 Caluula
0%
Philippines 38908 Caluya
0%
Mexico 19742 Calvillo
0%
Italy 12391 Calvizzano
0%
Germany 24448 Calw
0%
Angola 61769 Camabatela
0%
Brazil 22579 Camacan
0%
Brazil 161727 Camaçari
0%
Angola 59000 Camacupa
0%
Cuba 57600 Camajuaní
0%
Philippines 25236 Camalaniugan
0%
Philippines 72042 Camalig
0%
Philippines 25036 Camaligan
0%
Brazil 35382 Camamu
0%
Peru 13304 Camaná
0%
Brazil 26097 Camanducaia
0%
United States 17535 Camano
0%
Brazil 13583 Camapuã
0%
Brazil 62200 Camaquã
0%
Portugal 35666 Câmara de Lobos
0%
Brazil 155054 Camarajibe
0%
Portugal 18822 Camarate
0%
Mexico 40221 Camargo
0%
Bolivia 4502 Camargo
0%
Spain 28705 Camas
0%
United States 26779 Camas
0%
Spain 13752 Cambados
0%
Angola 90766 Cambambe
0%
Philippines 61893 Cambanugoy
0%
Brazil 22740 Cambará
0%
United Kingdom 36783 Camberley
0%
Brazil 9460 Cambira
0%
Dominican Republic 31057 Cambita Garabitos
0%
Brazil 103074 Camboriú
0%
United Kingdom 22074 Camborne
0%
France 31568 Cambrai
0%
Spain 24781 Cambre
0%
Spain 36849 Cambrils
0%
Brazil 14616 Cambuci
0%
Brazil 29536 Cambuí
0%
Angola 58581 Cambundi Catembo
0%
Brazil 12313 Cambuquira
0%
United Kingdom 29100 Cambuslang
0%
Moldova 8871 Camenca
0%
Italy 10664 Cameri
0%
Malaysia 43700 Cameron Highlands
0%
United States 17283 Cameron Park
0%
Brazil 134184 Cametá
0%
Philippines 87319 Camiling
0%
United States 25260 Camillus
0%
Ecuador 22810 Camilo Ponce Enríquez
0%
Bolivia 33838 Camiri
0%
Bolivia 33838 Camiri
0%
Italy 11124 Camisano Vicentino
0%
Nicaragua 34962 Camoapa
0%
Brazil 62326 Camocim
0%
Brazil 17419 Camocim de São Félix
0%
Australia 152 Camooweal
0%
Guatemala 61958 Camotán
0%
Italy 16668 Campagna
0%
Italy 10966 Campagnano di Roma
0%
Honduras 19832 Campamento
0%
Colombia 9091 Campamento
0%
Argentina 86860 Campana
0%
Brazil 15935 Campanha
0%
Canada 38108 Campbell River
0%
United States 11523 Campbellsville
0%
Australia 12566 Campbelltown
0%
Cuba 41719 Campechuela
0%
Brazil 20696 Campestre
0%
Romania 20590 Câmpia Turzii
0%
Italy 47462 Campi Bisenzio
0%
India 329104 Campīernagar
0%
Italy 12429 Campiglia Marittima
0%
Brazil 15723 Campina da Lagoa
0%
Brazil 38769 Campina Grande do Sul
0%
Brazil 18011 Campina Verde
0%
Brazil 12510 Campinorte
0%
Italy 9885 Campi Salentina
0%
Brazil 32106 Campo Alegre
0%
Brazil 12501 Campo Alegre
0%
Colombia 34923 Campoalegre
0%
Brazil 30671 Campo Alegre de Lourdes
0%
Italy 47075 Campobasso
0%
Italy 9062 Campobello di Licata
0%
Italy 11382 Campobello di Mazara
0%
Brazil 52277 Campo Belo
0%
Brazil 62886 Campo Bom
0%
Italy 15072 Campodarsego
0%
Spain 12932 Campo de Criptana
0%
Colombia 18354 Campo de la Cruz
0%
Brazil 16749 Campo do Brito
0%
Brazil 11377 Campo do Meio
0%
Brazil 9623 Campo Erê
0%
Brazil 71377 Campo Formoso
0%
Italy 8504 Campogalliano
0%
Brazil 136327 Campo Largo
0%
Argentina 10743 Campo Largo
0%
Brazil 80847 Campo Limpo
0%
Italy 10716 Campolongo Maggiore
0%
Brazil 20409 Campo Magro
0%
Brazil 46893 Campo Maior
0%
Brazil 99432 Campo Mourão
0%
Italy 12942 Camponogara
0%
Brazil 45899 Campo Novo do Parecis
0%
Brazil 10215 Campo Redondo
0%
Brazil 12819 Campos Altos
0%
Italy 11817 Camposampiero
0%
Brazil 18108 Campos Belos
0%
Spain 12163 Campos del Puerto
0%
Brazil 26105 Campos Gerais
0%
Brazil 8653 Campos Lindos
0%
Brazil 36932 Campos Novos
0%
Brazil 25135 Campos Sales
0%
United States 15011 Camp Pendleton South
0%
Haiti 46000 Camp Perrin
0%
United States 22174 Camp Springs
0%
United States 10724 Campton Hills
0%
Romania 27574 Câmpulung
0%
Romania 15642 Câmpulung Moldovenesc
0%
United States 12282 Camp Verde
0%
Vietnam 146771 Cam Ranh
0%
Vietnam 138510 Cam Ranh
0%
Canada 18772 Camrose
0%
Argentina 32108 Cañada de Gómez
0%
Philippines 1273219 Canagatan
0%
Colombia 23520 Canalete
0%
Spain 13415 Canals
0%
United States 9659 Canal Winchester
0%
Philippines 36205 Canaman
0%
United States 11196 Canandaigua
0%
Mexico 38113 Cananea
0%
Brazil 12289 Cananéia
0%
Brazil 15559 Canapi
0%
Brazil 10608 Canápolis
0%
Brazil 24206 Canarana
0%
Brazil 15408 Canarana I
0%
Colombia 13595 Cañasgordas
0%
Mexico 10342 Canatlán
0%
Philippines 21682 Can-Avid
0%
Brazil 30906 Canavieiras
0%
United States 18103 Canby
0%
Philippines 119497 Candaba
0%
Brazil 72382 Candeias
0%
Brazil 14001 Candeias
0%
Philippines 137881 Candelaria
0%
Colombia 95413 Candelaria
0%
Philippines 30263 Candelaria
0%
Spain 28795 Candelaria
0%
Argentina 25140 Candelaria
0%
Cuba 19523 Candelaria
0%
Puerto Rico 14319 Candelaria
0%
Colombia 11635 Candelaria
0%
Mexico 11121 Candelaria
0%
El Salvador 10280 Candelaria
0%
El Salvador 10090 Candelaria
0%
Brazil 28906 Candelária
0%
El Salvador 22686 Candelaria de La Frontera
0%
Mexico 10497 Candelaria Loxicha
0%
Brazil 13016 Candiba
0%
Brazil 14809 Cândido de Abreu
0%
Brazil 20278 Cândido Mendes
0%
Brazil 31346 Cândido Mota
0%
Brazil 25247 Cândido Sales
0%
Philippines 30119 Candijay
0%
Brazil 10710 Candiota
0%
United States 21316 Candler-McAfee
0%
Brazil 14973 Candói
0%
Philippines 61432 Candon
0%
Philippines 23751 Candoni
0%
Italy 12491 Canegrate
0%
Brazil 45488 Canela
0%
Chile 9182 Canela Baja
0%
Brazil 12821 Canelinha
0%
Italy 10031 Canelli
0%
Uruguay 19865 Canelones
0%
Spain 15140 Canet de Mar
0%
Chile 34537 Cañete
0%
France 13005 Canet-en-Roussillon
0%
United Kingdom 8620 Canford Cliffs
0%
Angola 16232 Cangandala
0%
Spain 26714 Cangas
0%
Spain 11421 Cangas de Narcea
0%
Angola 53720 Cangola
0%
Brazil 29668 Canguaretama
0%
Brazil 49680 Canguçu
0%
China 35000 Cangxi
0%
Brazil 24329 Canhotinho
0%
Italy 34449 Canicattì
0%
Portugal 23361 Caniço
0%
Andorra 5781 Canillo
0%
Brazil 74174 Canindé
0%
Brazil 26834 Canindé de São Francisco
0%
Turkey 942553 Çankaya
0%
Slovenia 416 Cankova
0%
Burundi 3624 Cankuzo
0%
Philippines 58822 Canlaon
0%
India 232486 Cannanore
0%
United Kingdom 67768 Cannock
0%
Brazil 347657 Canoas
0%
Costa Rica 9543 Canoas
0%
Brazil 55016 Canoinhas
0%
Puerto Rico 11508 Caño Martin Peña
0%
United States 17098 Cañon City
0%
United States 9682 Canonsburg
0%
Italy 27943 Canosa di Puglia
0%
Puerto Rico 12662 Canóvanas
0%
Spain 17312 Canovellas
0%
Brazil 37439 Cansanção
0%
Turkey 10201 Çanta
0%
Brazil 19390 Cantagalo
0%
Brazil 10933 Cantagalo
0%
Portugal 36595 Cantanhede
0%
Brazil 24303 Cantanhede
0%
Venezuela 42000 Cantaura
0%
Guatemala 47087 Cantel
0%
France 14420 Canteleu
0%
Moldova 3429 Cantemir
0%
Spain 10167 Canteras
0%
Philippines 34060 Cantilan
0%
Spain 10728 Cantillana
0%
Canada 11449 Cantley
0%
Brazil 19365 Canto do Buriti
0%
Pakistan 374872 Cantonment
0%
Italy 39715 Cantù
0%
Brazil 16105 Canudos
0%
Argentina 31901 Cañuelas
0%
Brazil 16869 Canutama
0%
United States 15398 Canyon
0%
United States 32924 Canyon Lake
0%
United States 11107 Canyon Lake
0%
Philippines 19574 Caoayan
0%
Vietnam 73549 Cao Bằng
0%
China 54400 Caojia
0%
China 22100 Caojiachuan
0%
Vietnam 211912 Cao Lãnh
0%
Angola 21511 Caombo
0%
Italy 11108 Caorle
0%
China 11294 Caotan
0%
Taiwan 96838 Caotun
0%
China 19015 Caowotan
0%
Italy 11339 Capaci
0%
Philippines 36223 Capalonga
0%
Brazil 70394 Capanema
0%
Brazil 20481 Capanema
0%
Italy 46253 Capannori
0%
Brazil 47118 Capão Bonito
0%
Brazil 63594 Capão da Canoa
0%
Brazil 26487 Capão do Leão
0%
Portugal 20454 Caparica
0%
Colombia 10301 Caparrapí
0%
Philippines 156056 Capas
0%
Venezuela 13151 Capaya
0%
France 9218 Capbreton
0%
Spain 12860 Capdepera
0%
Brazil 31645 Capela
0%
Brazil 15032 Capela
0%
Brazil 11159 Capela de Santana
0%
Brazil 20985 Capela do Alto
0%
Brazil 10744 Capela do Alto Alegre
0%
Brazil 31231 Capelinha
0%
Netherlands 67319 Capelle aan den IJssel
0%
Luxembourg 1986 Capellen
0%
Italy 10795 Capena
0%
Angola 58285 Capenda Camulemba
0%
United States 9016 Cape St. Claire
0%
Haiti 155505 Cap-Haïtien
0%
Paraguay 224152 Capiatá
0%
Mexico 15640 Capilla de Guadalupe
0%
Argentina 11181 Capilla del Monte
0%
Argentina 9244 Capilla del Señor
0%
Brazil 30599 Capim
0%
Brazil 10663 Capim Branco
0%
Brazil 33235 Capim Grosso
0%
Brazil 14655 Capinópolis
0%
Bolivia 19477 Capinota
0%
Brazil 23314 Capinzal
0%
Brazil 17254 Capistrano
0%
Paraguay 11319 Capitán Bado
0%
Argentina 29218 Capitán Bermúdez
0%
Paraguay 9539 Capitán Mauricio José Troche
0%
Paraguay 1633 Capitán Pablo Lagerenza
0%
Argentina 15965 Capitán Sarmiento
0%
Brazil 11100 Capitão de Campos
0%
Brazil 14108 Capitão Enéas
0%
Brazil 54425 Capitão Poço
0%
United States 9813 Capitola
0%
Northern Mariana Islands 2500 Capitol Hill
0%
Brazil 10380 Capitólio
0%
Brazil 53152 Capivari
0%
Bosnia and Herzegovina 28122 Čapljina
0%
Italy 13031 Capo d’Orlando
0%
Italy 10007 Capodrise
0%
Brazil 18338 Capoeiras
0%
Philippines 33721 Capoocan
0%
Italy 23186 Capoterra
0%
Haiti 15086 Capotille
0%
Italy 8698 Caprino Veronese
0%
Italy 9389 Capriolo
0%
Italy 17609 Capua
0%
Philippines 12323 Capul
0%
Mexico 30838 Capulhuac
0%
Italy 15212 Capurso
0%
Brazil 8936 Caputira
0%
Colombia 17048 Cáqueza
0%
Venezuela 48622 Caraballeda
0%
Romania 27403 Caracal
0%
Brazil 20957 Caracaraí
0%
Somalia 89345 Caracase
0%
Venezuela 32820 Carache
0%
Brazil 10318 Caracol
0%
Mexico 9212 Carácuaro
0%
Philippines 39704 Caraga
0%
Brazil 78921 Caraguatatuba
0%
Paraguay 11568 Caraguatay
0%
Chile 25696 Carahue
0%
Brazil 19548 Caraí
0%
Brazil 9940 Caraíbas
0%
Brazil 23283 Carambeí
0%
Philippines 51728 Caramoan
0%
Philippines 32114 Caramoran
0%
Bolivia 21883 Caranavi
0%
Brazil 23812 Carandaí
0%
Brazil 31240 Carangola
0%
Romania 21714 Caransebeş
0%
Brazil 13847 Carapebus
0%
Paraguay 32939 Carapeguá
0%
Brazil 30612 Carapó
0%
Italy 17817 Carate Brianza
0%
Brazil 87360 Caratinga
0%
Brazil 28742 Carauari
0%
Brazil 18810 Caraúbas
0%
Italy 16142 Caravaggio
0%
Brazil 20103 Caravelas
0%
Brazil 62265 Caràzinho
0%
Spain 31595 Carballo
0%
Italy 11205 Carbonera
0%
Italy 26250 Carbonia
0%
Brazil 8512 Carbonita
0%
Spain 21317 Carcagente
0%
Philippines 136453 Carcar
0%
Argentina 17350 Carcarañá
0%
France 46429 Carcassonne
0%
Spain 19064 Cardedeu
0%
Cuba 86700 Cárdenas
0%
Mexico 20000 Cárdenas
0%
Italy 21514 Cardito
0%
Philippines 50143 Cardona
0%
Mexico 19431 Cardonal
0%
Brazil 11345 Cardoso
0%
Brazil 12958 Cardoso Moreira
0%
Romania 18957 Carei
0%
Brazil 30792 Careiro
0%
Brazil 30846 Careiro da Várzea
0%
Trinidad and Tobago 10188 Carenage
0%
United States 10882 Carencro
0%
Colombia 47932 Carepa
0%
Argentina 16245 Carhué
0%
Ecuador 13175 Cariamanga
0%
Costa Rica 34176 Cariari
0%
Haiti 10180 Carice
0%
Philippines 27891 Caridad
0%
Brazil 16377 Caridade
0%
Philippines 54656 Carigara
0%
Canada 11740 Carignan
0%
Italy 9076 Carignano
0%
Brazil 28869 Carinhanha
0%
Italy 39773 Carini
0%
Venezuela 64955 Caripito
0%
Brazil 19939 Carira
0%
Brazil 17632 Cariré
0%
Brazil 26320 Caririaçu
0%
Brazil 17015 Cariús
0%
Italy 17040 Carlentini
0%
Philippines 72637 Carles
0%
South Africa 23000 Carletonville
0%
Brazil 16905 Carlópolis
0%
Mexico 24565 Carlos A. Carrillo
0%
Colombia 8727 Carlosama
0%
Brazil 20519 Carlos Barbosa
0%
Argentina 21125 Carlos Casares
0%
Brazil 18615 Carlos Chagas
0%
Cuba 224488 Carlos Manuel de Céspedes
0%
Argentina 18820 Carlos Spegazzini
0%
Ireland 24272 Carlow
0%
United Kingdom 8505 Carlton Colville
0%
United Kingdom 13320 Carluke
0%
Italy 28182 Carmagnola
0%
France 9927 Carmaux
0%
Uruguay 18041 Carmelo
0%
Colombia 8880 Carmen de Apicalá
0%
Argentina 12008 Carmen de Areco
0%
Colombia 9109 Carmen de Carupa
0%
Argentina 20533 Carmen de Patagones
0%
Colombia 62581 Carmen de Viboral
0%
Italy 11720 Carmiano
0%
Italy 14605 Carmignano
0%
Brazil 17198 Carmo
0%
Brazil 11547 Carmo da Cachoeira
0%
Brazil 11019 Carmo da Mata
0%
Brazil 13797 Carmo de Minas
0%
Brazil 23479 Carmo do Cajuru
0%
Brazil 29011 Carmo do Paranaíba
0%
Brazil 20954 Carmo do Rio Claro
0%
Brazil 10186 Carmo do Rio Verde
0%
Philippines 106256 Carmona
0%
Spain 29279 Carmona
0%
Brazil 13853 Carmópolis
0%
Brazil 14348 Carmópolis de Minas
0%
Brazil 18644 Carnaíba
0%
Brazil 9714 Carnaubais
0%
Brazil 17210 Carnaubal
0%
Brazil 12239 Carnaubeira da Penha
0%
Brazil 9422 Carneirinho
0%
Brazil 8999 Carneiros
0%
United States 8611 Carneys Point
0%
United Kingdom 11360 Carnoustie
0%
United States 26373 Carolina Forest
0%
Venezuela 112600 Carora
0%
Switzerland 22336 Carouge
0%
Italy 16917 Carovigno
0%
Italy 12945 Carpenedolo
0%
France 30854 Carpentras
0%
Italy 71869 Carpi
0%
Brazil 84395 Carpina
0%
United States 13100 Carpinteria
0%
France 20535 Carquefou
0%
France 9412 Carqueiranne
0%
Philippines 42420 Carranglan
0%
Italy 59905 Carrara
0%
Philippines 24586 Carrascal
0%
United States 21170 Carrboro
0%
Portugal 9066 Carregado
0%
Portugal 9835 Carregal do Sal
0%
United Kingdom 28141 Carrickfergus
0%
Ireland 4743 Carrick on Shannon
0%
France 19951 Carrières-sous-Poissy
0%
France 15002 Carrières-sur-Seine
0%
Ireland 18239 Carrigaline
0%
Costa Rica 9228 Carrillos
0%
United States 35645 Carrollwood
0%
France 13729 Carros
0%
Turkey 140664 Çarşamba
0%
United Kingdom 29917 Carshalton
0%
Turkey 15227 Çarşıbaşı
0%
Colombia 35473 Cartagena del Chairá
0%
Colombia 142902 Cartago
0%
Costa Rica 22775 Cartago
0%
Spain 28934 Cártama
0%
Peru 19842 Cartavio
0%
Portugal 24462 Cartaxo
0%
Spain 21408 Cartaya
0%
United Kingdom 15682 Carterton
0%
Italy 15726 Carugate
0%
Venezuela 173877 Carúpano
0%
Brazil 24238 Carutapera
0%
Venezuela 58863 Carvajal
0%
France 17966 Carvin
0%
Brazil 28083 Casa Branca
0%
United States 19651 Casa de Oro-Mount Helix
0%
Italy 21298 Casal di Principe
0%
Haiti 43943 Casale
0%
Italy 35414 Casalecchio di Reno
0%
Italy 32204 Casale Monferrato
0%
Italy 13168 Casale sul Sile
0%
Italy 18937 Casalgrande
0%
Italy 14974 Casalmaggiore
0%
Italy 46992 Casalnuovo di Napoli
0%
Italy 15485 Casalpusterlengo
0%
Italy 9587 Casaluce
0%
Italy 19294 Casamassima
0%
Italy 13234 Casandrino
0%
Italy 19372 Casarano
0%
Italy 13233 Casatenovo
0%
United States 12489 Cascades
0%
Portugal 214158 Cascais
0%
Italy 44735 Cascina
0%
Italy 13878 Caselle Torinese
0%
Argentina 95785 Caseros
0%
Italy 72805 Caserta
0%
Italy 11416 Casièr
0%
Philippines 35602 Casiguran
0%
Philippines 26564 Casiguran
0%
Argentina 35058 Casilda
0%
Guatemala 26059 Casillas
0%
Brazil 46110 Casimiro de Abreu
0%
Brazil 12967 Casinhas
0%
Australia 9968 Casino
0%
Czechia 10512 Čáslav
0%
Peru 29343 Casma
0%
Italy 8844 Casorate Primo
0%
Italy 74021 Casoria
0%
Spain 10943 Cassá de la Selva
0%
Italy 16507 Cassano al Ionio
0%
Italy 19263 Cassano d’Adda
0%
Italy 15010 Cassano delle Murge
0%
United States 29473 Casselberry
0%
Brazil 17155 Cássia
0%
Brazil 20988 Cassilândia
0%
Italy 13948 Cassina de’ Pecchi
0%
Italy 35092 Cassino
0%
Angola 117000 Cassongue
0%
Italy 8748 Castagneto Carducci
0%
United States 18479 Castaic
0%
Spain 11622 Castalla
0%
France 15264 Castanet-Tolosan
0%
Italy 10801 Castano Primo
0%
Mexico 27314 Castaños
0%
Dominican Republic 14921 Castañuelas
0%
South Africa 12752 Casteel
0%
Argentina 107786 Castelar
0%
Italy 9527 Castel Bolognese
0%
Italy 11585 Casteldaccia
0%
Italy 18419 Castelfidardo
0%
Italy 17220 Castelfiorentino
0%
Italy 9516 Castelfranco di Sopra
0%
Italy 13541 Castelfranco di Sotto
0%
Italy 33054 Castelfranco Emilia
0%
Italy 32935 Castelfranco Veneto
0%
Italy 8564 Castel Gandolfo
0%
France 11033 Castelginest
0%
Italy 12622 Castel Goffredo
0%
Italy 8677 Castellabate
0%
Italy 14610 Castellammare del Golfo
0%
Italy 62772 Castellammare di Stabia
0%
Italy 9674 Castellamonte
0%
Italy 19505 Castellana Grotte
0%
Italy 16181 Castellaneta
0%
Italy 13939 Castellanza
0%
Italy 15246 Castellarano
0%
Spain 12972 Castellbisbal
0%
Spain 69450 Castelldefels
0%
Italy 9228 Castelleone
0%
Italy 9820 Castelletto sopra Ticino
0%
Argentina 27201 Castelli
0%
Italy 10295 Castelli Calepio
0%
Spain 12163 Castelló de Ampurias
0%
Italy 18462 Castel Maggiore
0%
Italy 10894 Castel Mella
0%
France 12212 Castelnaudary
0%
France 25404 Castelnau-le-Lez
0%
Italy 10294 Castelnovo ne’ Monti
0%
Italy 8924 Castelnuovo Berardenga
0%
Italy 8567 Castelnuovo di Porto
0%
Italy 13184 Castelnuovo di Verona
0%
Italy 14971 Castelnuovo Rangone
0%
Brazil 32756 Castelo
0%
Portugal 56109 Castelo Branco
0%
Brazil 19715 Castelo do Piauí
0%
Italy 13688 Castel San Giorgio
0%
Italy 14097 Castel San Giovanni
0%
Italy 20737 Castel San Pietro Terme
0%
France 14335 Castelsarrasin
0%
Italy 29341 Castelvetrano
0%
Italy 11101 Castelvetro di Modena
0%
Italy 28436 Castel Volturno
0%
Italy 16145 Castenaso
0%
Italy 11572 Castenedolo
0%
Italy 15137 Castiglione del Lago
0%
Italy 23556 Castiglione delle Stiviere
0%
Italy 12918 Castiglion Fiorentino
0%
Brazil 19873 Castilho
0%
Colombia 13611 Castilla La Nueva
0%
Spain 17153 Castilleja de la Cuesta
0%
Philippines 67889 Castillejos
0%
Dominican Republic 15709 Castillo
0%
Uruguay 7541 Castillos
0%
Ireland 13054 Castlebar
0%
United Kingdom 11217 Castle Bromwich
0%
United Kingdom 45106 Castleford
0%
Canada 10029 Castlegar
0%
United States 12573 Castle Pines
0%
France 42700 Castres
0%
Netherlands 36086 Castricum
0%
Brazil 24712 Castro Alves
0%
Portugal 15339 Castro Daire
0%
Italy 9212 Castrolibero
0%
Spain 33482 Castro-Urdiales
0%
Italy 20821 Castrovillari
0%
Angola 126631 Catabola
0%
Honduras 117493 Catacamas
0%
Peru 75870 Catacaos
0%
Brazil 75540 Cataguases
0%
Philippines 50623 Cataingan
0%
Turkey 18462 Çatak
0%
Brazil 114427 Catalão
0%
Turkey 77468 Çatalca
0%
Turkey 13025 Çatalpınar
0%
Ecuador 27026 Catamayo
0%
Philippines 72752 Catanauan
0%
Mozambique 29052 Catandica
0%
Brazil 105847 Catanduva
0%
Brazil 10566 Catanduvas
0%
Brazil 10446 Catanduvas
0%
Puerto Rico 22768 Cataño
0%
Angola 167820 Catape
0%
Philippines 97879 Catarman
0%
Philippines 17569 Catarman
0%
Spain 30142 Catarroja
0%
Philippines 106440 Catbalogan
0%
Angola 120677 Catchiungo
0%
Philippines 44207 Cateel
0%
Mexico 49451 Catemaco
0%
Mozambique 25000 Catembe
0%
Chile 13285 Catemu
0%
Brazil 32156 Catende
0%
United Kingdom 21030 Caterham
0%
United Kingdom 44905 Catford
0%
Venezuela 661897 Catia La Mar
0%
Philippines 23805 Catigbian
0%
Guinea-Bissau 5081 Catió
0%
Panama 34558 Cativá
0%
Philippines 33745 Catmon
0%
Brazil 30661 Catolé do Rocha
0%
United States 42717 Catonsville
0%
Spain 9423 Catral
0%
Argentina 47569 Catriel
0%
United States 11322 Catskill
0%
Italy 16543 Cattolica
0%
Brazil 54970 Catu
0%
Philippines 32174 Catubig
0%
Brazil 8674 Catuípe
0%
Angola 175805 Catumbela
0%
Brazil 10444 Catunda
0%
Brazil 8841 Caturama
0%
Venezuela 35000 Caucagua
0%
Colombia 90213 Caucasia
0%
Argentina 28222 Caucete
0%
France 10414 Caudebec-lès-Elbeuf
0%
Spain 10249 Caudete
0%
France 14032 Caudry
0%
Angola 28164 Caungula
0%
Chile 40441 Cauquenes
0%
Moldova 12874 Căuşeni
0%
Cuba 20510 Cauto Cristo
0%
Italy 50539 Cava de’ Tirreni
0%
Haiti 46037 Cavaillon
0%
France 25890 Cavaillon
0%
Brazil 9150 Cavalcante
0%
Italy 12839 Cavallino
0%
Canada 10016 Cavan Monaghan
0%
Italy 12741 Cavarzere
0%
United Kingdom 23885 Caversham
0%
United States 26014 Cave Spring
0%
Philippines 23980 Cavinti
0%
Philippines 100674 Cavite City
0%
Italy 9842 Cavriago
0%
Italy 9414 Cavriglia
0%
Philippines 108480 Cawayan
0%
Philippines 69265 Cawayan
0%
Brazil 21056 Caxambu
0%
Angola 77276 Caxito
0%
Ecuador 44559 Cayambe
0%
Turkey 11889 Çaybaşı
0%
United States 13718 Cayce
0%
Turkey 30255 Çaycuma
0%
Turkey 24583 Çayeli
0%
Dominican Republic 16439 Cayetano Germosén
0%
Puerto Rico 14518 Cayey
0%
Turkey 150792 Çayırova
0%
Turkey 13070 Çaykara
0%
Cuba 22286 Cayo Mambí
0%
Angola 171743 Cazanga
0%
Angola 892401 Cazenga
0%
Bosnia and Herzegovina 66149 Cazin
0%
Angola 298 Cazombo
0%
Mexico 24421 Cazones de Herrera
0%
Italy 10675 Cazzago San Martino
0%
Moldova 16605 Ceadîr-Lunga
0%
Brazil 79115 Ceará-Mirim
0%
France 8949 Cébazat
0%
Azerbaijan 6070 Cəbrayıl
0%
Italy 22320 Ceccano
0%
Italy 12000 Cecchina
0%
Italy 27882 Cecina
0%
United States 12317 Cedarburg
0%
United States 9945 Cedar Hills
0%
United States 8515 Cedar Hills
0%
United States 14686 Cedar Lake
0%
United States 19482 Cedar Mill
0%
United States 10211 Cedartown
0%
Venezuela 67000 Cedeño
0%
Brazil 12618 Cedral
0%
Brazil 10208 Cedral
0%
Brazil 22344 Cedro
0%
Brazil 10518 Cedro
0%
Honduras 24305 Cedros
0%
Australia 3505 Ceduna
0%
Somalia 384630 Ceel Baraf
0%
Somalia 9023 Ceelbuur
0%
Somalia 50000 Ceel Dheere
0%
Somalia 300000 Ceerigaabo
0%
Italy 13881 Cefalù
0%
Hungary 36391 Cegléd
0%
Italy 18680 Ceglie Messapico
0%
Spain 14476 Cehegín
0%
Turkey 9471 Çekerek
0%
Turkey 296066 Çekme
0%
Czechia 12463 Čelákovice
0%
Italy 10186 Celano
0%
Ireland 20601 Celbridge
0%
United States 13150 Celebration
0%
Turkmenistan 1206 Çeleken
0%
Peru 26925 Celendín
0%
Bosnia and Herzegovina 10502 Čelić
0%
Azerbaijan 25846 Cəlilabad
0%
United States 27141 Celina
0%
United States 11017 Celina
0%
Hungary 9692 Celldömölk
0%
Portugal 20098 Celorico de Basto
0%
Turkey 9429 Çeltik
0%
China 724364 Cencheng
0%
France 26784 Cenon
0%
Dominican Republic 16056 Cenoví
0%
North Macedonia 354 Centar Župa
0%
Argentina 48721 Centenario
0%
Brazil 10832 Centenário do Sul
0%
United States 31501 Centereach
0%
United States 16125 Center Point
0%
United States 20212 Centerton
0%
Italy 35231 Cento
0%
Hong Kong 235953 Central District
0%
Canada 13746 Central Elgin
0%
United States 22481 Central Falls
0%
Brazil 10207 Centralina
0%
United States 37751 Central Islip
0%
United States 19183 Central Point
0%
Canada 17385 Central Saanich
0%
Philippines 44126 Central Signal Village
0%
Mauritius 15791 Centre de Flacq
0%
United States 71885 Centreville
0%
Canada 31093 Centre Wellington
0%
Cuba 132451 Centro Habana
0%
South Africa 236580 Centurion
0%
Italy 10946 Cepagatti
0%
Croatia 9665 Čepin
0%
Haiti 17571 Cerca Carvajal
0%
Dominican Republic 20843 Cercado Abajo
0%
Haiti 51410 Cerca la Source
0%
Italy 16954 Cercola
0%
Italy 16801 Cerea
0%
Brazil 15890 Cerejeiras
0%
Italy 11141 Cerese
0%
Colombia 94935 Cereté
0%
Italy 56978 Cerignola
0%
Turkey 9634 Çerkeş
0%
Turkey 206829 Çerkezköy
0%
Slovenia 1710 Cerklje na Gorenjskem
0%
Slovenia 4018 Cerknica
0%
Slovenia 1425 Cerkno
0%
Slovenia 163 Cerkvenjak
0%
Italy 9378 Cermenate
0%
Turkey 49644 Çermik
0%
Romania 15088 Cernavodă
0%
France 11737 Cernay
0%
Italy 34848 Cernusco sul Naviglio
0%
Brazil 19109 Cerqueira César
0%
Brazil 49802 Cerquilho Velho
0%
Italy 10678 Cerreto Guidi
0%
Argentina 17634 Cerrillos
0%
Cuba 124994 Cerro
0%
Mexico 23573 Cerro Azul
0%
Brazil 16134 Cêrro Azul
0%
Brazil 11000 Cerro Corá
0%
Peru 58899 Cerro de Pasco
0%
Brazil 9178 Cêrro Grande
0%
Brazil 13705 Cêrro Largo
0%
Italy 14884 Cerro Maggiore
0%
Italy 15515 Certaldo
0%
Philippines 19449 Cervantes
0%
Spain 9647 Cervelló
0%
Spain 9533 Cervera
0%
Italy 37855 Cerveteri
0%
Italy 28983 Cervia
0%
Italy 13573 Cervignano del Friuli
0%
Italy 39310 Cesano Maderno
0%
Brazil 18375 Cesário Lange
0%
Italy 25921 Cesenatico
0%
Latvia 14699 Cēsis
0%
Czechia 37483 Česká Lípa
0%
Czechia 15119 Česká Třebová
0%
Czechia 97377 České Budějovice
0%
Czechia 12944 Český Krumlov
0%
Czechia 23282 Český Těšín
0%
Turkey 48924 Çeşme
0%
Australia 15177 Cessnock
0%
France 11141 Cesson
0%
France 18076 Cesson-Sévigné
0%
France 16757 Cestas
0%
Liberia 2578 Cestos City
0%
Italy 9391 Cetraro
0%
Brazil 11087 Céu Azul
0%
Spain 12842 Ceuti
0%
Dominican Republic 12589 Cevicos
0%
Turkey 158922 Ceyhan
0%
Turkey 90440 Ceylanpınar
0%
Algeria 14730 Chaabat el Leham
0%
Thailand 35581 Cha-am
0%
Iran 106739 Chābahār
0%
India 12477 Chabāl Kalān
0%
Algeria 30223 Chabet el Ameur
0%
Argentina 38418 Chacabuco
0%
Colombia 12419 Chachagüí
0%
Mexico 20619 Chachahuantla
0%
Peru 32026 Chachapoyas
0%
Belarus 8927 Chachersk
0%
Thailand 60893 Chachoengsao
0%
India 9984 Chada
0%
Brazil 11102 Chã da Alegria
0%
Russia 9732 Chadan
0%
India 17313 Chadchan
0%
United Kingdom 13413 Chaddesden
0%
India 21289 Chāgalamarri
0%
India 21703 Chāgallu
0%
Russia 10 Chagda
0%
Ethiopia 30938 Chagne
0%
Brazil 20546 Chã Grande
0%
Venezuela 15000 Chaguaramas
0%
Algeria 8781 Chahana
0%
Iran 9406 Chahār Borj-e Qadīm
0%
Iran 49950 Chahār Dangeh
0%
India 12760 Chāhatpur
0%
Algeria 13405 Chahbounia
0%
Iran 29751 Chahchaheh
0%
China 28711 Chahe
0%
Greece 47051 Chaïdári
0%
China 73028 Chaigoubu
0%
India 14857 Chāilāha
0%
Thailand 14469 Chai Nat
0%
India 11852 Chainpur
0%
India 25584 Chainpura
0%
Thailand 16090 Chai Prakan
0%
India 17962 Chaita
0%
India 11927 Chaital
0%
China 54690 Chaiwu
0%
Thailand 58350 Chaiyaphum
0%
Thailand 12710 Chaiyo
0%
Argentina 45848 Chajarí
0%
Guatemala 52019 Chajul
0%
India 11700 Chakai
0%
India 8677 Chākand
0%
India 35282 Chakapara
0%
India 95203 Chākdaha
0%
Pakistan 35000 Chakdarra
0%
Tanzania 49959 Chake Chake
0%
Pakistan 30738 Chak Five Hundred Seventy-five
0%
India 8840 Chak Habib
0%
India 13685 Chak Husaini
0%
India 21948 Chākia
0%
India 9962 Chākicherla
0%
Pakistan 332461 Chak Jhumra
0%
India 17580 Chakkuvarakal
0%
India 72000 Chaklāsi
0%
India 8821 Chakla Waini
0%
India 8652 Chak Pahār
0%
India 63730 Chakpi Karong
0%
India 197953 Chakradharpur
0%
Pakistan 50000 Chak Sixty-one Gugera Branch
0%
India 9787 Chak Thāt
0%
Pakistan 8535 Chak Thathi
0%
Pakistan 50000 Chak Thirty-six North Branch
0%
India 18627 Chākūr
0%
India 11451 Chakwai
0%
Pakistan 299751 Chakwal
0%
Peru 9240 Chala
0%
India 16721 Chalāla
0%
Greece 77102 Chalándri
0%
Greece 9066 Chalástra
0%
El Salvador 32272 Chalatenango
0%
Mexico 21915 Chalchihuitán
0%
El Salvador 72728 Chalchuapa
0%
France 12958 Châlette-sur-Loing
0%
United Kingdom 13379 Chalfont Saint Peter
0%
India 12054 Chalgeri
0%
Peru 27857 Chalhuanca
0%
India 55216 Chālil
0%
India 9189 Chalkāri
0%
Greece 59125 Chalkída
0%
India 55194 Challakere
0%
France 22890 Challans
0%
India 17067 Challapalle
0%
Bolivia 12684 Challapata
0%
Mexico 13479 Chalma
0%
United States 22447 Chalmette
0%
France 43218 Châlons-en-Champagne
0%
France 44592 Chalon-sur-Saône
0%
India 11738 Chāltābāria
0%
Russia 15334 Chaltyr
0%
India 45102 Chalungalpādam
0%
France 17591 Chamalières
0%
Pakistan 107660 Chaman
0%
India 12232 Chāmarru
0%
Ghana 8600 Chamba
0%
Cuba 41000 Chambas
0%
Haiti 16883 Chambellan
0%
United States 30369 Chamblee
0%
France 11877 Chambray-lès-Tours
0%
Iran 11194 Chamestān
0%
Iran 15574 Chamgardān
0%
Argentina 12919 Chamical
0%
France 8673 Chamonix-Mont-Blanc
0%
India 12518 Champādānga
0%
India 12111 Chāmpāhāti
0%
India 14881 Champāpur
0%
Laos 62728 Champasak
0%
India 111251 Champdani
0%
Guatemala 38570 Champerico
0%
Canada 8706 Champlain
0%
United States 23450 Champlin
0%
Mexico 30881 Champotón
0%
France 26661 Champs-Sur-Marne
0%
India 10967 Champua
0%
India 60810 Chāmrājnagar
0%
India 32371 Chamtha
0%
Portugal 8530 Chamusca
0%
Mexico 9533 Chanal
0%
Chile 13143 Chañaral
0%
India 25000 Chānasma
0%
India 23478 Chanaur
0%
Peru 32312 Chancay
0%
Chile 9003 Chanco
0%
Chile 9003 Chanco
0%
India 518000 Chānda
0%
Bangladesh 35248 Chandanais
0%
India 9836 Chandankiāri
0%
India 166867 Chandannagar
0%
India 13007 Chandauli
0%
India 32754 Chand Chaur
0%
India 10414 Chandera
0%
India 33081 Chanderi
0%
India 13077 Chandhaus
0%
India 17088 Chandia
0%
India 24664 Chandili
0%
India 13485 Chandla
0%
United Kingdom 23918 Chandlers Ford
0%
India 20207 Chāndpur
0%
India 9066 Chāndpur
0%
India 11905 Chāndpura
0%
India 20299 Chandragiri
0%
India 23629 Chandrakona
0%
India 10059 Chandralapādu
0%
India 47699 Chandrāwāda
0%
India 10733 Chandreru
0%
India 10880 Chandūr
0%
India 12580 Chandwā
0%
India 9341 Chandwārā
0%
India 15089 Changamkari
0%
India 47485 Changanācheri
0%
China 110352 Changbang
0%
China 45702 Changchong
0%
China 38896 Changchunpu
0%
Taiwan 226564 Changhua
0%
China 55841 Changling
0%
China 614821 Changping
0%
China 87458 Changting
0%
China 44326 Changtoushang
0%
Panama 31223 Changuinola
0%
Korea, North 48984 Changyŏn
0%
United States 26001 Chanhassen
0%
China 22273 Chankou
0%
India 24435 Channagiri
0%
United States 13854 Channahon
0%
India 83921 Channapatna
0%
India 40400 Channarāyapatna
0%
India 8907 Channubanda
0%
India 8614 Chānp
0%
Haiti 9561 Chansolme
0%
Haiti 31030 Chantal
0%
France 10793 Chanteloup-les-Vignes
0%
France 21671 Chantenay-sur-Loire
0%
France 10378 Chantepie
0%
Thailand 23130 Chanthaburi
0%
United States 23744 Chantilly
0%
France 10740 Chantilly
0%
France 8518 Chantonnay
0%
United States 8629 Chanute
0%
India 85317 Chanwari
0%
China 33850 Chaodongcun
0%
China 727162 Chaohucun
0%
India 10929 Chāoke
0%
China 16111 Chaona
0%
China 156522 Chaoshan
0%
China 2872857 Chaoyang
0%
China 13773 Chaoyangdicun
0%
China 2656600 Chaozhou
0%
Taiwan 53338 Chaozhou
0%
Brazil 18990 Chapada dos Guimarães
0%
Mexico 31737 Chapa de Mota
0%
Brazil 81386 Chapadinha
0%
Kazakhstan 8476 Chapaev
0%
Mexico 21596 Chapala
0%
India 8560 Chāpalamadugu
0%
Mexico 12967 Chapantongo
0%
Colombia 50367 Chaparral
0%
United States 16642 Chaparral
0%
Russia 70228 Chapayevsk
0%
United Kingdom 10096 Chapel en le Frith
0%
Haiti 18092 Chapelle
0%
Belgium 14900 Chapelle-lez-Herlaimont
0%
El Salvador 17000 Chapeltique
0%
United Kingdom 10043 Chapeltown
0%
Ukraine 9415 Chaplynka
0%
France 9217 Chaponost
0%
India 212955 Chāpra
0%
India 14123 Chāprā
0%
Mexico 20577 Chapulhuacán
0%
Lebanon 12000 Chaqra
0%
India 13035 Charābidya
0%
Bolivia 6780 Charagua
0%
India 9039 Chārakunda
0%
Colombia 10211 Charalá
0%
Venezuela 129214 Charallave
0%
Iran 15218 Charām
0%
Bolivia 817 Charaña
0%
Argentina 26497 Charata
0%
India 37775 Charaut
0%
Pakistan 39605 Charbagh
0%
Mexico 14117 Charcas
0%
United Kingdom 14287 Chard
0%
Haiti 25240 Chardonnières
0%
Algeria 19373 Charef
0%
France 28756 Charenton-le-Pont
0%
Armenia 25039 Charentsavan
0%
Bangladesh 42915 Char Fasson
0%
Afghanistan 96093 Chārīkār
0%
India 17306 Chāripāra
0%
India 12609 Chariyakulam
0%
India 27760 Charkhāri
0%
India 44892 Charkhi Dādri
0%
Australia 2551 Charleville
0%
France 24668 Charleville-Mézières
0%
United States 13359 Charlton
0%
United Kingdom 12021 Charlton Kings
0%
Iran 12292 Charmahīn
0%
India 9777 Charne
0%
Portugal 29763 Charneca
0%
Mexico 21784 Charo
0%
Algeria 11347 Charouine
0%
Pakistan 105414 Charsadda
0%
United States 9414 Charter Oak
0%
Australia 8040 Charters Towers
0%
India 31493 Charthāwal
0%
United States 8905 Chartiers
0%
Lebanon 10000 Chartoûn
0%
France 8678 Chartres-de-Bretagne
0%
India 8570 Charuānwān
0%
Uzbekistan 13300 Charxin
0%
Argentina 33607 Chascomús
0%
Ukraine 12250 Chasiv Yar
0%
United States 28146 Chaska
0%
France 11214 Chassieu
0%
Japan 28167 Chatan
0%
India 22473 Chatayamangalam
0%
France 12231 Châteaubriant
0%
France 14411 Château-d’Olonne
0%
France 12898 Châteaudun
0%
France 11805 Château-Gontier
0%
France 18364 Châteauneuf-les-Martigues
0%
France 16668 Châteaurenard
0%
France 43079 Châteauroux
0%
France 15068 Château-Thierry
0%
Belgium 36101 Châtelet
0%
France 31105 Châtellerault
0%
France 35490 Châtenay-Malabry
0%
France 36224 Châtillon
0%
Tanzania 27776 Chato
0%
France 30054 Chatou
0%
India 49985 Chatrā
0%
India 21769 Chatra Gobraura
0%
India 45628 Chattamangalam
0%
United Kingdom 11029 Chatteris
0%
Vietnam 101765 Châu Đốc
0%
Bangladesh 443648 Chauddagram
0%
Belgium 20935 Chaudfontaine
0%
India 13959 Chaugāin
0%
India 233691 Chauhanpatti
0%
Pakistan 87376 Chauk Azam
0%
India 11000 Chaukē
0%
India 9103 Chaukhata
0%
India 11002 Chauki
0%
India 10100 Chauki Hasan Chauki Makhdum
0%
France 21418 Chaumont
0%
Belgium 11731 Chaumont-Gistoux
0%
Burma 10181 Chaungtha
0%
France 11456 Chauny
0%
India 22253 Chausa
0%
India 9738 Chausa
0%
India 19092 Chautāpal
0%
India 15107 Chautham
0%
India 33543 Chāvakkād
0%
Brazil 12462 Chaval
0%
India 16937 Chavara Grāmam
0%
India 22480 Chavasshēri
0%
Portugal 41243 Chaves
0%
Brazil 20757 Chaves
0%
France 20198 Chaville
0%
Mexico 10258 Chavinda
0%
Tajikistan 10200 Chavkandak
0%
Belarus 9817 Chavusy
0%
India 9592 Chavuttahalli
0%
India 12988 Chāwalhāti
0%
Russia 74913 Chaykovskiy
0%
Cambodia 50359 Chbar Mon
0%
United Kingdom 12027 Cheadle
0%
United Kingdom 26479 Cheadle Hulme
0%
United States 10485 Cheat Lake
0%
Russia 44671 Chebarkul
0%
Tunisia 22227 Chebba
0%
Algeria 21506 Chebli
0%
India 14216 Chebrolu
0%
India 11626 Chebrolu
0%
Russia 9208 Chechen-Aul
0%
Korea, South 129066 Chech’ŏn
0%
France 8948 Chécy
0%
China 17608 Chedaopo
0%
Chad 54072 Chèddra
0%
United States 89201 Cheektowaga
0%
Morocco 46168 Chefchaouene
0%
Russia 14855 Chegdomyn
0%
Mauritania 10 Chegga
0%
India 9870 Chegūr
0%
India 9750 Chegurumomadi
0%
Zimbabwe 65800 Chegutu
0%
Algeria 56447 Chekfa
0%
Russia 86164 Chekhov
0%
India 35992 Chekkal
0%
Russia 11382 Chekmagush
0%
Uzbekistan 20800 Chelak
0%
Algeria 82560 Chelghoum el Aïd
0%
Algeria 26077 Chellalat el Adhaouara
0%
United Kingdom 15198 Chellaston
0%
France 54372 Chelles
0%
Poland 8669 Chełmek
0%
Poland 18837 Chełmno
0%
Poland 14045 Chełmża
0%
India 36500 Chelora
0%
United Kingdom 14507 Chelsfield
0%
India 32532 Chēmanchēri
0%
Mexico 14885 Chemax
0%
India 15602 Chembagarāmanpudūr
0%
India 43632 Chembra
0%
India 13466 Chembrasshēri
0%
Algeria 15274 Chemini
0%
India 14928 Chemmanam
0%
India 32444 Chemmaruthi
0%
India 33489 Chempalli
0%
Pakistan 53965 Chenab Nagar
0%
Mexico 47371 Chenalhó
0%
United States 10832 Chenango
0%
Iran 53879 Chenārān
0%
Ethiopia 10488 Chencha
0%
Switzerland 12215 Chêne-Bougeries
0%
United States 12830 Cheney
0%
India 15588 Chengala
0%
India 30654 Chengam
0%
India 25391 Chengannūr
0%
India 13603 Chengara
0%
China 77904 Chengbin
0%
Taiwan 13193 Chenggong
0%
China 740435 Chengguan
0%
China 476867 Chengjiao
0%
China 67826 Chengjiao Chengguanzhen
0%
China 1574648 Chengtangcun
0%
China 709500 Chengxiang
0%
China 15642 Chenlu
0%
India 28133 Chennamangalam
0%
India 12380 Chennampatti
0%
France 18295 Chennevières-sur-Marne
0%
India 20522 Chennimalai
0%
India 19124 Chennīrkara
0%
India 16126 Chennūr
0%
India 11542 Chennūr
0%
France 14299 Chenôve
0%
Peru 45897 Chepén
0%
Argentina 6020 Chepes
0%
Chile 15037 Chépica
0%
Panama 20420 Chepo
0%
United Kingdom 11969 Chepstow
0%
India 17184 Cherakara
0%
India 19736 Cherakhera
0%
India 15620 Cheramkod
0%
Mexico 19081 Cherán
0%
India 16241 Cherān
0%
India 26330 Cheranallūr
0%
Ethiopia 17045 Cheraro
0%
Italy 9465 Cherasco
0%
Algeria 34372 Cherchell
0%
Russia 12084 Cherdakly
0%
Russia 53958 Cheremkhovo
0%
Russia 9700 Cherepanovo
0%
Algeria 75344 Cheria
0%
India 18310 Cheriāl
0%
India 11342 Cherlagandlapālem
0%
Russia 12122 Cherlak
0%
Ukraine 9132 Cherniakhiv
0%
Russia 10124 Chernigovka
0%
Russia 18472 Chernogolovka
0%
Russia 1000 Chernogorsk
0%
Russia 33092 Chernushka
0%
Russia 35705 Chernyakhovsk
0%
Russia 5137 Chernyshevskiy
0%
India 14816 Cherrapunji
0%
United States 11011 Cherry Creek
0%
United States 14827 Cherry Hill Mall
0%
United Kingdom 8780 Cherry Hinton
0%
United States 14575 Cherryland
0%
Russia 3707 Cherskiy
0%
United Kingdom 15967 Chertsey
0%
India 24842 Cherukara
0%
India 25767 Cherukolattur
0%
India 16111 Cherukunnu
0%
India 14759 Cherupazhasshi
0%
India 41267 Cherupulasshēri
0%
India 12944 Cherutana Tekku
0%
India 10341 Cheruvannūr
0%
India 24538 Cheruvāranam
0%
Ukraine 64297 Chervonohrad
0%
Ukraine 15218 Chervonopartyzansk
0%
Belarus 10545 Chervyen
0%
United States 9307 Chesapeake Ranch Estates
0%
United Kingdom 21483 Chesham
0%
United Kingdom 45832 Cheshunt
0%
United Kingdom 24227 Chester-le-Street
0%
Canada 22163 Chestermere
0%
United States 16678 Chestnuthill
0%
United States 10464 Chestnut Ridge
0%
India 15781 Chethakal
0%
India 19216 Chetichēri
0%
Algeria 8677 Chetma
0%
Algeria 47600 Chetouane
0%
India 15000 Chettikulam
0%
India 10659 Chettimangurichchi
0%
India 16354 Chettināyakkanpatti
0%
India 26642 Chettipālaiyam
0%
India 10695 Chettipālaiyam
0%
India 12306 Chettipulam
0%
India 8622 Chettiyapatti
0%
Hong Kong 19769 Cheung Chau
0%
United States 13694 Cheval
0%
France 10895 Chevigny-Saint-Sauveur
0%
France 19813 Chevilly-Larue
0%
United States 8655 Cheviot
0%
India 9432 Chewara
0%
India 37802 Cheyyār
0%
India 11054 Chhabila
0%
Bangladesh 48243 Chhāgalnāiya
0%
India 15335 Chhājli
0%
India 22052 Chhanera
0%
India 9369 Chhapera
0%
India 14710 Chhāpia
0%
India 13242 Chhapra
0%
India 15842 Chhapra Bahās
0%
India 12989 Chhāra
0%
India 10805 Chhātāpur
0%
India 459943 Chhatarpur
0%
India 10000 Chhatarpur
0%
India 10000 Chhimluang
0%
India 202688 Chhindwāra
0%
India 25787 Chhota Udepur
0%
India 18360 Chhoti Sādri
0%
Italy 12531 Chiampo
0%
Thailand 9721 Chiang Klang
0%
India 9312 Chiankī
0%
Guatemala 93780 Chiantla
0%
Mexico 55931 Chiapa de Corzo
0%
Italy 14289 Chiaravalle
0%
Italy 19164 Chiari
0%
Georgia 12803 Chiatura
0%
Mexico 11776 Chiautla de Tapia
0%
Italy 27307 Chiavari
0%
Taiwan 263188 Chiayi
0%
Angola 79462 Chibemba
0%
Angola 190670 Chibia
0%
Nigeria 66105 Chibok
0%
Mozambique 58012 Chibuto
0%
Guatemala 67399 Chicacao
0%
India 137944 Chicacole
0%
United States 26938 Chicago Heights
0%
United States 14147 Chicago Ridge
0%
Guatemala 43139 Chicamán
0%
Morocco 38452 Chichaoua
0%
Guatemala 150932 Chichicastenango
0%
Nicaragua 44769 Chichigalpa
0%
Mexico 10079 Chichihualco
0%
Venezuela 18960 Chichiriviche
0%
Afghanistan 8792 Chīchkah
0%
India 12210 Chichli
0%
India 9278 Chicholi
0%
United States 16349 Chickasha
0%
Spain 89794 Chiclana de la Frontera
0%
Mexico 175053 Chicoloapan
0%
Angola 131807 Chicomba
0%
Mexico 19656 Chiconcuac
0%
Mexico 14394 Chiconquiaco
0%
Chile 10975 Chicureo Abajo
0%
India 115913 Chidambaram
0%
Italy 35883 Chieri
0%
San Marino 1143 Chiesanuova
0%
Italy 48455 Chieti
0%
Zambia 13307 Chifubu
0%
Mexico 66464 Chignahuapan
0%
Colombia 84183 Chigorodó
0%
Chile 85863 Chiguayante
0%
United Kingdom 14599 Chigwell
0%
India 63652 Chik Ballāpur
0%
India 14409 Chik Bānavar
0%
India 14322 Chikhli Kalān
0%
India 14258 Chikitigarh
0%
India 9185 Chikkāla
0%
India 11177 Chikkārampālaiyam
0%
India 118401 Chikmagalūr
0%
India 29553 Chiknāyakanhalli
0%
India 11193 Chikni
0%
India 10173 Chikni
0%
India 38307 Chikodi
0%
Japan 48794 Chikugo
0%
Japan 58755 Chikuma
0%
Japan 12527 Chikura
0%
Japan 98384 Chikusei
0%
Japan 103185 Chikushino
0%
Japan 29608 Chikuzen
0%
Malawi 11000 Chikwawa
0%
India 101398 Chilakalūrupet
0%
India 9263 Chilakhāna
0%
India 15449 Chilamattūru
0%
El Salvador 9700 Chilanga
0%
Mexico 120790 Chilapa de Álvarez
0%
Pakistan 214000 Chilas
0%
Peru 21573 Chilca
0%
Mexico 15284 Chilcuautla
0%
United Kingdom 13640 Childwall
0%
Argentina 33724 Chilecito
0%
Tajikistan 15997 Chilgazí
0%
Panama 53955 Chilibre
0%
Zambia 90530 Chililabombwe
0%
Vietnam 220421 Chí Linh
0%
India 18952 Chilkūru
0%
Chile 164270 Chillán
0%
Chile 27359 Chillán Viejo
0%
United States 35163 Chillum
0%
France 19981 Chilly-Mazarin
0%
India 9349 Chilmil
0%
Mexico 111554 Chilón
0%
Mexico 8982 Chilón
0%
Zambia 11816 Chilonga
0%
India 9591 Chilpur
0%
El Salvador 10897 Chiltiupán
0%
United Kingdom 12864 Chilwell
0%
Colombia 13492 Chimá
0%
India 30279 Chimākurti
0%
India 13379 Chīmalapādu
0%
Mexico 614453 Chimalhuacán
0%
Guatemala 116642 Chimaltenango
0%
India 9347 Chiman
0%
Belgium 9841 Chimay
0%
Chile 33446 Chimbarongo
0%
Argentina 87258 Chimbas
0%
Peru 291408 Chimbote
0%
Uzbekistan 36917 Chimboy Shahri
0%
Colombia 30303 Chimichagua
0%
Bolivia 21736 Chimoré
0%
Tajikistan 45221 Chimteppa
0%
India 20000 Chimthāna
0%
Colombia 16348 Chinácota
0%
El Salvador 22311 Chinameca
0%
Mexico 16741 Chinampa de Gorostiza
0%
Nicaragua 121793 Chinandega
0%
India 8503 Chinaur
0%
Guatemala 124365 Chinautla
0%
India 11747 Chināval
0%
Peru 63671 Chincha Alta
0%
India 18986 Chinchali
0%
Colombia 50673 Chinchiná
0%
India 22630 Chincholi
0%
Mozambique 16500 Chinde
0%
United Kingdom 70583 Chingford
0%
China 16098 Chinggil
0%
India 82608 Chingleput
0%
Angola 129370 Chinguar
0%
Zimbabwe 90800 Chinhoyi
0%
Pakistan 477781 Chiniot
0%
Guatemala 13547 Chinique
0%
Korea, South 337230 Chinju
0%
India 11006 Chinna Annalūru
0%
India 85442 Chinnachauku
0%
India 19060 Chinna Ganjām
0%
India 12738 Chinna Gollapālem
0%
India 8933 Chinna Kalaiyamputtūr
0%
India 12796 Chinnakkāmpālaiyam
0%
India 9329 Chinnakkavundanūr
0%
India 30823 Chinnālapatti
0%
India 10623 Chinnamandem
0%
India 50635 Chinnamanūr
0%
India 9353 Chinnāmpālaiyam
0%
India 8767 Chinna Mupparam
0%
India 13425 Chinna Mushidivāda
0%
India 11899 Chinna Orampādu
0%
India 25761 Chinna Salem
0%
India 12854 Chinnasekkadu
0%
India 10924 Chinnatadāgam
0%
India 14494 Chinnavādampatti
0%
India 9150 Chinnāyagūdem
0%
Uzbekistan 24000 Chinobod
0%
United States 13372 Chino Valley
0%
Uzbekistan 23700 Chinoz
0%
Zambia 15198 Chinsali
0%
India 8661 Chintakommadinne
0%
India 11239 Chintakunta
0%
India 20558 Chintalapalle
0%
India 57434 Chintalapalli
0%
India 25952 Chintalapūdi
0%
India 11540 Chintalavādi
0%
India 76068 Chintāmani
0%
India 11734 Chintapalle
0%
India 9882 Chintapalle
0%
Colombia 50313 Chinú
0%
Italy 47559 Chioggia
0%
Greece 27015 Chíos
0%
Zambia 327059 Chipata
0%
Angola 64714 Chipindo
0%
Zimbabwe 34959 Chipinge
0%
Spain 19915 Chipiona
0%
India 50000 Chiplūn
0%
United States 14643 Chippewa Falls
0%
India 14847 Chīpurupalle
0%
Guatemala 111505 Chiquimula
0%
Guatemala 64871 Chiquimulilla
0%
Colombia 85274 Chiquinquirá
0%
Malawi 1580 Chiradzulu
0%
India 10855 Chirak
0%
India 172826 Chīrāla
0%
India 10775 Chiramanangād
0%
Mozambique 556 Chiramba
0%
Japan 13667 Chiran
0%
India 8866 Chiranellūr
0%
Uzbekistan 162800 Chirchiq
0%
Zimbabwe 40100 Chiredzi
0%
Colombia 27006 Chiriguaná
0%
El Salvador 24000 Chirilagua
0%
Malawi 25235 Chiromo
0%
Mayotte 8920 Chirongui
0%
Uzbekistan 23800 Chiroqchi
0%
Bulgaria 14672 Chirpan
0%
Zambia 84750 Chirundu
0%
Japan 71907 Chiryū
0%
Guatemala 69325 Chisec
0%
Pakistan 101659 Chishtian
0%
China 237052 Chishui
0%
United Kingdom 15600 Chislehurst
0%
Colombia 10554 Chitagá
0%
India 145853 Chitaldrug
0%
India 35647 Chītāpur
0%
India 22837 Chitarpur
0%
India 11447 Chitauria
0%
Moldova 9000 Chiţcani
0%
Angola 78156 Chitembo
0%
Angola 78156 Chitemo
0%
India 20694 Chithara
0%
Romania 14762 Chitila
0%
Malawi 17743 Chitipa
0%
India 9122 Chitrāda
0%
Pakistan 49780 Chitral
0%
Panama 60 Chitré
0%
India 39098 Chittaranjan
0%
India 15152 Chittarikal
0%
India 10706 Chittārkottal
0%
India 11665 Chittāttukara
0%
India 116406 Chittaurgarh
0%
India 15970 Chittayankottai
0%
India 175647 Chittoor
0%
India 15550 Chittūr
0%
India 8943 Chitvel
0%
India 13752 Chityāl
0%
Spain 17245 Chiva
0%
Venezuela 59059 Chivacoa
0%
Italy 26224 Chivasso
0%
Zimbabwe 10263 Chivhu
0%
Argentina 58152 Chivilcoy
0%
Colombia 24932 Chivolo
0%
Japan 10831 Chiyoda
0%
Japan 67036 Chiyoda-ku
0%
Vietnam 11836 Chợ Lách
0%
Algeria 155134 Chlef
0%
Vietnam 12898 Chợ Mới
0%
Lebanon 30000 Chmistâr
0%
Colombia 10729 Choachí
0%
Pakistan 40000 Choa Saidan Shah
0%
Nigeria 27253 Choba
0%
Mexico 21102 Chocamán
0%
Czechia 8662 Choceň
0%
Colombia 25257 Chocontá
0%
United States 12208 Choctaw
0%
India 20251 Chodavaram
0%
India 12764 Chodavaram
0%
Czechia 12649 Chodov
0%
Poland 18044 Chodzież
0%
Argentina 10146 Choele Choel
0%
Japan 238087 Chōfugaoka
0%
Iran 18702 Choghādak
0%
Hong Kong 18435 Choi Hung
0%
France 46122 Choisy-le-Roi
0%
Mexico 9306 Choix
0%
Poland 39275 Chojnice
0%
Poland 12769 Chojnów
0%
Thailand 8793 Chok Chai
0%
India 9209 Chokkalingapuram
0%
India 20383 Chokkampatti
0%
India 15403 Chokkanāthapuram
0%
Russia 2506 Chokurdakh
0%
Mozambique 63695 Chokwé
0%
India 15800 Cholai
0%
Greece 31304 Cholargós
0%
India 31500 Cholavandān
0%
India 8923 Cholavaram
0%
Chile 10382 Cholchol
0%
France 54074 Cholet
0%
Honduras 227535 Choloma
0%
Kyrgyzstan 11520 Cholpon-Ata
0%
Mexico 193554 Cholula de Rivadabia
0%
Zambia 51842 Choma
0%
Thailand 15618 Chom Thong
0%
Czechia 47023 Chomutov
0%
Korea, South 656583 Ch’ŏnan
0%
Chile 5632 Chonchi
0%
Ecuador 54629 Chone
0%
Kyrgyzstan 10317 Chong-Aryk
0%
Korea, North 189742 Chŏngju
0%
Thailand 47872 Chong Nonsi
0%
Angola 87278 Chongoroi
0%
China 107100 Chongshan
0%
China 2088692 Chongzuo
0%
Vietnam 121083 Chơn Thành
0%
India 55083 Chonthrhu
0%
Ukraine 8626 Chop
0%
India 16459 Chopadandi
0%
India 72783 Chopda
0%
Brazil 19083 Chopinzinho
0%
United Kingdom 9787 Choppington
0%
Tajikistan 31585 Chorbog
0%
Tajikistan 16488 Chorbogh
0%
Algeria 16173 Chorfa
0%
India 17297 Chorhat
0%
Tajikistan 37065 Chorkŭh
0%
United Kingdom 38420 Chorley
0%
United Kingdom 11695 Chorleywood
0%
Ukraine 9275 Chornobaivka
0%
Ukraine 57983 Chornomorsk
0%
Ukraine 11267 Chornomorske
0%
Brazil 12113 Choró
0%
Brazil 20274 Chorozinho
0%
Brazil 10579 Chorrochó
0%
Greece 17862 Chortiátis
0%
Ukraine 28279 Chortkiv
0%
Uzbekistan 53400 Chortoq
0%
India 21196 Chorwād
0%
Korea, North 7786 Ch’osan-ŭp
0%
Japan 13656 Chōsei
0%
Japan 54570 Choshi
0%
Peru 88606 Chosica
0%
Argentina 15567 Chos Malal
0%
Poland 14399 Choszczno
0%
Peru 54611 Chota
0%
India 16178 Chotāla
0%
India 10537 Chota Mollakhāli
0%
Czechia 9096 Chotěboř
0%
Morocco 21374 Chouafa
0%
Morocco 17202 Chouafaa
0%
Mongolia 38150 Choybalsan
0%
Mongolia 10434 Choyr
0%
Vietnam 20923 Chợ Phước Hải
0%
United States 22820 Christiansburg
0%
Poland 12589 Chropaczów
0%
Czechia 23441 Chrudim
0%
Greece 14970 Chrysoúpoli
0%
Poland 35091 Chrzanów
0%
Bangladesh 224576 Chuādānga
0%
China 38300 Chuangjian
0%
China 26602 Chuanliaocun
0%
Guatemala 17057 Chuarrancho
0%
United States 15900 Chubbuck
0%
Tajikistan 18490 Chubek
0%
India 12023 Chudamani
0%
Russia 14302 Chudovo
0%
Russia 11101 Chuguyevka
0%
India 9811 Chuhal
0%
Ukraine 31018 Chuhuiv
0%
China 26044 Chuimatan
0%
Peru 82521 Chulucanas
0%
Bolivia 13204 Chulumani
0%
Russia 11026 Chulym
0%
Argentina 2572 Chumbicha
0%
Russia 134 Chumikan
0%
China 13983 Chumpak
0%
Thailand 31597 Chum Phae
0%
Thailand 33633 Chumphon
0%
India 22730 Chunakara Vadakku
0%
India 9241 Chunakhali
0%
India 37185 Chunār
0%
Korea, South 281596 Chuncheon
0%
India 288090 Chunchura
0%
India 11719 Chūndal
0%
India 8989 Chundale
0%
Korea, South 207839 Chungju
0%
Korea, South 121020 Ch’ungmu
0%
Pakistan 64386 Chunian
0%
Japan 169179 Chūō-ku
0%
Peru 9877 Chupaca
0%
Brazil 9324 Chupinguaia
0%
Chile 0 Chuquicamata
0%
China 10659 Chuqung
0%
Russia 10342 Churapcha
0%
United Kingdom 10870 Churchdown
0%
India 33293 Churi
0%
Spain 16693 Churriana de la Vega
0%
Mexico 14366 Churumuco de Morelos
0%
Russia 44780 Chusovoy
0%
Uzbekistan 100200 Chust
0%
China 631530 Chuxiong
0%
Uruguay 9675 Chuy
0%
Kyrgyzstan 12688 Chüy
0%
Ukraine 8539 Chyhyryn
0%
Ukraine 53462 Chystiakove
0%
Indonesia 99750 Ciamis
0%
Italy 38595 Ciampino
0%
Indonesia 176368 Cianjur
0%
Brazil 79527 Cianorte
0%
Indonesia 365387 Cibinong
0%
Burundi 23885 Cibitoke
0%
United States 33829 Cibolo
0%
Italy 12263 Cicciano
0%
Brazil 30907 Cícero Dantas
0%
Serbia 9446 Ćićevac
0%
Colombia 13120 Cicuco
0%
Mozambique 206449 Cidade de Nacala
0%
Brazil 11467 Cidade Gaúcha
0%
Cabo Verde 2148 Cidade Velha
0%
Turkey 11087 Cide
0%
Brazil 12878 Cidelândia
0%
Brazil 16583 Cidreira
0%
Poland 42705 Ciechanów
0%
Poland 10415 Ciechocinek
0%
Cuba 143449 Ciego de Ávila
0%
Spain 26140 Ciempozuelos
0%
Colombia 129414 Ciénaga
0%
Colombia 64226 Ciénaga de Oro
0%
Mexico 14268 Ciénega de Flores
0%
Cuba 164924 Cienfuegos
0%
Poland 33958 Cieszyn
0%
Spain 35361 Cieza
0%
Turkey 14906 Çifteler
0%
Turkey 50974 Çiftlikköy
0%
Cuba 26135 Cifuentes
0%
Turkey 214065 Çiğli
0%
Turkey 50677 Cihanbeyli
0%
Mexico 40139 Cihuatlán
0%
Indonesia 209140 Cikupa
0%
Indonesia 1174964 Cilacap
0%
Indonesia 387543 Cilegon
0%
China 130000 Cili
0%
Turkey 9936 Çilimli
0%
Indonesia 252370 Cimanggis
0%
United States 18808 Cimarron Hills
0%
Indonesia 43500 Cimerak
0%
Moldova 11997 Cimişlia
0%
Colombia 49593 Cimitarra
0%
Turkey 76966 Çınar
0%
Turkey 38600 Çınarcık
0%
United States 19139 Cinco Ranch
0%
Argentina 27566 Cinco Saltos
0%
United Kingdom 8773 Cinderford
0%
Turkey 48466 Çine
0%
Indonesia 101600 Cinere
0%
Belgium 16439 Ciney
0%
Portugal 20427 Cinfães
0%
Italy 9584 Cingoli
0%
Italy 74528 Cinisello Balsamo
0%
Italy 11936 Cinisi
0%
United States 17243 Cinnaminson
0%
Mexico 49201 Cintalapa de Figueroa
0%
Indonesia 15435 Cipanas
0%
Brazil 17230 Cipó
0%
Argentina 105482 Cipolletti
0%
Indonesia 222186 Ciputat
0%
Colombia 26705 Circasia
0%
United States 14144 Circleville
0%
United Kingdom 19076 Cirencester
0%
Italy 18121 Ciriè
0%
Slovenia 451 Cirkulane
0%
Italy 14030 Cirò Marina
0%
Cuba 28370 Ciro Redondo
0%
Indonesia 91438 Cisauk
0%
Italy 10401 Cislago
0%
Romania 22277 Cisnădie
0%
Colombia 11555 Cisneros
0%
Italy 36266 Cisterna di Latina
0%
Spain 9281 Cistérniga
0%
Italy 11139 Cisternino
0%
Mexico 12109 Citlaltépec
0%
Bosnia and Herzegovina 18140 Čitluk
0%
Taiwan 27538 Citong
0%
United States 9044 Citrus Hills
0%
United States 28163 Citrus Park
0%
United States 11469 Citrus Springs
0%
Italy 38222 Città di Castello
0%
Italy 9769 Cittanova
0%
Italy 14795 Città Sant’Angelo
0%
Argentina 32646 City Bell
0%
Philippines 539671 City of Calamba
0%
Philippines 130379 City of Isabela
0%
United States 33973 City of Orange
0%
Philippines 689992 City of Parañaque
0%
Mexico 25850 Ciudad Altamirano
0%
El Salvador 60314 Ciudad Arce
0%
El Salvador 40500 Ciudad Barrios
0%
Mexico 308285 Ciudad Benito Juárez
0%
Honduras 152519 Ciudad Choluteca
0%
Mexico 43805 Ciudad Constitución
0%
Costa Rica 7969 Ciudad Cortés
0%
Mexico 9740 Ciudad Cuauhtémoc
0%
Nicaragua 41014 Ciudad Darío
0%
Mexico 35289 Ciudad de Allende
0%
Mexico 89314 Ciudad de Atlixco
0%
Spain 83229 Ciudad de Ceuta
0%
Mexico 45321 Ciudad de Huajuapam de León
0%
Mexico 16025 Ciudad de Huitzuco
0%
Uruguay 112449 Ciudad de la Costa
0%
Argentina 9854 Ciudad de Loreto
0%
Uruguay 38249 Ciudad del Plata
0%
Spain 85985 Ciudad de Melilla
0%
Mexico 48106 Ciudad Fernández
0%
Argentina 92957 Ciudad General Belgrano
0%
Mexico 454967 Ciudad General Escobedo
0%
Mexico 16506 Ciudad Guadalupe Victoria
0%
Mexico 122619 Ciudad Hidalgo
0%
Mexico 17485 Ciudad Hidalgo
0%
Mexico 9133 Ciudad Insurgentes
0%
Mexico 28637 Ciudad Ixtepec
0%
Mexico 79200 Ciudad Lázaro Cárdenas
0%
Mexico 79669 Ciudad Lerdo
0%
Mexico 84787 Ciudad Mante
0%
Mexico 37145 Ciudad Manuel Doblado
0%
Guatemala 30682 Ciudad Melchor de Mencos
0%
Mexico 38992 Ciudad Melchor Múzquiz
0%
Mexico 19998 Ciudad Miguel Alemán
0%
Mexico 1072676 Ciudad Nezahualcóyotl
0%
Venezuela 128941 Ciudad Ojeda
0%
Venezuela 40918 Ciudad Piar
0%
Spain 75909 Ciudad Real
0%
Mexico 101481 Ciudad Río Bravo
0%
Spain 11846 Ciudad-Rodrigo
0%
Mexico 32047 Ciudad Sabinas Hidalgo
0%
Mexico 28609 Ciudad Sahagun
0%
Nicaragua 127517 Ciudad Sandino
0%
Mexico 306322 Ciudad Santa Catarina
0%
Mexico 23824 Ciudad Serdán
0%
Guatemala 27365 Ciudad Tecún Umán
0%
Mexico 10043 Ciudad Tula
0%
Guatemala 41010 Ciudad Vieja
0%
Italy 10815 Cividale del Friuli
0%
Italy 15247 Civita Castellana
0%
Italy 41790 Civitanova Marche
0%
Italy 8748 Civitella in Val di Chiana
0%
Turkey 59967 Çivril
0%
China 25497 Ciying
0%
United States 12647 Claiborne
0%
France 56882 Clamart
0%
United States 8862 Clanton
0%
United States 19921 Claremore
0%
United States 8642 Clarendon Hills
0%
Venezuela 15000 Clarines
0%
United States 14560 Clarkston
0%
United States 86575 Clarkstown
0%
Brazil 30159 Cláudio
0%
Germany 15436 Clausthal-Zellerfeld
0%
Philippines 52478 Claveria
0%
Philippines 42142 Claveria
0%
Philippines 36033 Claveria
0%
Philippines 31900 Claveria
0%
United States 11314 Clawson
0%
Trinidad and Tobago 14436 Claxton Bay
0%
United Kingdom 10059 Clay Cross
0%
France 12381 Claye-Souilly
0%
United States 9543 Claymont
0%
Argentina 41176 Claypole
0%
United Kingdom 8522 Clayton le Moors
0%
United States 32895 Clearfield
0%
United States 32966 Cleburne
0%
United Kingdom 16622 Cleckheaton
0%
United Kingdom 38996 Cleethorpes
0%
Colombia 13821 Clemencia
0%
United States 21574 Clemmons
0%
United States 17759 Clemson
0%
France 9372 Clermont-l’Hérault
0%
Luxembourg 1468 Clervaux
0%
United Kingdom 21404 Clevedon
0%
Brazil 15070 Clevelândia
0%
France 29551 Clichy-sous-Bois
0%
United States 25580 Cliffside Park
0%
United States 89247 Clifton
0%
United Kingdom 22936 Clifton
0%
United States 19746 Clifton
0%
United States 37996 Clifton Park
0%
United Kingdom 12900 Cliftonville
0%
United Kingdom 17138 Clitheroe
0%
United States 18776 Clive
0%
Bolivia 6534 Cliza
0%
Australia 2524 Cloncurry
0%
Ireland 47938 Clondalkin
0%
Ireland 18369 Clonmel
0%
Germany 37280 Cloppenburg
0%
United States 12582 Cloquet
0%
Argentina 47240 Clorinda
0%
India 95167 Closepet
0%
United States 8544 Closter
0%
United States 8933 Cloverdale
0%
United States 24630 Cloverleaf
0%
United States 16726 Cloverly
0%
France 17366 Cluses
0%
Italy 8537 Clusone
0%
United States 10650 Clute
0%
United Kingdom 26320 Clydebank
0%
Vietnam 190232 Cẩm Phả
0%
Vietnam 1237300 Cần Thơ
0%
Mexico 10482 Coacoatzintla
0%
Mexico 8566 Coahuitlán
0%
Mexico 18444 Coalcomán de Vásquez Pallares Uno
0%
Mexico 18444 Coalcomán de Vázquez Pallares
0%
Canada 8771 Coaldale
0%
United States 17352 Coalinga
0%
United Kingdom 21988 Coalville
0%
Puerto Rico 9504 Coamo
0%
Brazil 16549 Coaraci
0%
Brazil 67096 Coari
0%
Mexico 92127 Coatepec
0%
Mexico 36269 Coatepec Harinas
0%
Guatemala 120737 Coatepeque
0%
El Salvador 74038 Coatepeque
0%
United States 13323 Coatesville
0%
Mexico 9094 Coatetelco
0%
Guatemala 228664 Cobán
0%
Turkey 9190 Çobanlar
0%
Bolivia 46267 Cobija
0%
Australia 5389 Cobram
0%
Italy 8749 Coccaglio
0%
Spain 11451 Cocentaina
0%
Mexico 15572 Cochoapa el Grande
0%
Canada 32199 Cochrane
0%
Chile 2789 Cochrane
0%
Moldova 4000 Cocieri
0%
United Kingdom 8847 Cockermouth
0%
United States 23265 Cockeysville
0%
Côte d’Ivoire 692583 Cocody
0%
Colombia 14952 Coconuco
0%
Colombia 14743 Cocorná
0%
Venezuela 39310 Cocorote
0%
Brazil 19151 Cocos
0%
Mexico 12142 Cocotitlán
0%
Mexico 29267 Cocula
0%
Brazil 23549 Codajás
0%
Chile 12495 Codegua
0%
Italy 11072 Codigoro
0%
Romania 20534 Codlea
0%
Italy 15539 Codogno
0%
Italy 15863 Codroipo
0%
Moldova 15934 Codru
0%
Chile 15711 Coelemu
0%
Brazil 49621 Coelho Neto
0%
Colombia 9887 Coello
0%
Germany 37259 Coesfeld
0%
Netherlands 35483 Coevorden
0%
United States 8752 Coffeyville
0%
South Africa 8783 Cofimvaba
0%
Honduras 18100 Cofradía
0%
Philippines 57897 Cogan
0%
France 18466 Cognac
0%
France 12076 Cogolin
0%
Colombia 24092 Cogua
0%
United States 18043 Cohoes
0%
Spain 25809 Coín
0%
Brazil 10643 Coité do Nóia
0%
Venezuela 14044 Cojedes
0%
El Salvador 50315 Cojutepeque
0%
Serbia 4707 Čoka
0%
Australia 9048 Colac
0%
India 13810 Colangute
0%
Brazil 12868 Colares
0%
Brazil 111788 Colatina
0%
Chile 17619 Colbún
0%
Bolivia 48631 Colcapirhua
0%
Canada 14961 Cold Lake
0%
Canada 11171 Coldstream
0%
United States 13847 Coldwater
0%
United Kingdom 9275 Coleford
0%
South Africa 16869 Colesberg
0%
United States 14075 Colesville
0%
Belgium 20762 Colfontaine
0%
India 29104 Colgong
0%
Brazil 31370 Colíder
0%
Chile 146209 Colina
0%
Brazil 18535 Colina
0%
Brazil 35803 Colinas
0%
Brazil 34233 Colinas do Tocantins
0%
Spain 8540 Colindres
0%
Spain 66698 Collado-Villalba
0%
Italy 14684 Collecchio
0%
Italy 21550 Colle di Val d’Elsa
0%
Italy 20536 Colleferro
0%
United States 11185 Collegedale
0%
United States 9828 College Place
0%
Italy 48340 Collegno
0%
Italy 16281 Colle Salvetti
0%
United States 25906 Colleyville
0%
United States 8909 Collier
0%
United States 51212 Collierville
0%
United States 8862 Collingdale
0%
United States 14163 Collingswood
0%
United States 24126 Collinsville
0%
Chile 23321 Collipulli
0%
Brazil 8941 Colméia
0%
Spain 9623 Colmenarejo
0%
Spain 57029 Colmenar Viejo
0%
United Kingdom 17939 Colne
0%
Italy 11066 Cologno al Serio
0%
Italy 46707 Cologno Monzese
0%
Guatemala 56487 Colomba
0%
France 40916 Colomiers
0%
Uruguay 26231 Colonia del Sacramento
0%
Mexico 48032 Colonia del Sol
0%
Mexico 20511 Colonia General Felipe Ángeles
0%
Brazil 15816 Colônia Leopoldina
0%
United States 18125 Colonial Park
0%
Uruguay 9624 Colonia Nicolich
0%
United States 85426 Colonie
0%
Brazil 15663 Colorado do Oeste
0%
Italy 8941 Colorno
0%
Guatemala 44823 Colotenango
0%
Mexico 19689 Colotlán
0%
Chile 17918 Coltauco
0%
United States 9942 Colts Neck
0%
United States 9975 Columbia City
0%
Philippines 33527 Columbio
0%
Canada 18961 Colwood
0%
United Kingdom 10369 Colwyn Bay
0%
Italy 22017 Comacchio
0%
Mexico 9649 Comala
0%
Mexico 21727 Comalapa
0%
Nicaragua 11785 Comalapa
0%
Mexico 214877 Comalcalco
0%
Argentina 741 Comallo
0%
Argentina 4277 Comandante Fontana
0%
Argentina 6405 Comandante Luis Piedra Buena
0%
Romania 19996 Comăneşti
0%
Guatemala 37218 Comapa
0%
Mexico 19859 Comapa
0%
Bolivia 15919 Comarapa
0%
Romania 11106 Comarnic
0%
El Salvador 11870 Comasagua
0%
Honduras 144785 Comayagua
0%
Honduras 1250000 Comayagüela
0%
Chile 13605 Combarbalá
0%
Colombia 14632 Cómbita
0%
France 22712 Combs-la-Ville
0%
Dominican Republic 27908 Comendador
0%
Brazil 8741 Comendador Levy Gasparian
0%
Bangladesh 296010 Comilla
0%
France 12649 Comines
0%
Italy 30016 Comiso
0%
Guatemala 80612 Comitancillo
0%
United States 36353 Commack
0%
Morocco 11292 Commune Sidi Youssef Ben Ahmed
0%
Mexico 82216 Comonfort
0%
Canada 14806 Comox
0%
Bangladesh 250579 Companiganj
0%
France 40808 Compiègne
0%
Philippines 89884 Compostela
0%
Mexico 17573 Compostela
0%
Moldova 20113 Comrat
0%
United States 10306 Comstock Park
0%
France 20632 Concarneau
0%
Brazil 18860 Conceição
0%
Brazil 10371 Conceição da Aparecida
0%
Brazil 26494 Conceição da Barra
0%
Brazil 20800 Conceição da Feira
0%
Brazil 28381 Conceição das Alagoas
0%
Brazil 35308 Conceição de Jacuípe
0%
Brazil 21104 Conceição de Macabu
0%
Brazil 17165 Conceição do Almeida
0%
Brazil 44617 Conceição do Araguaia
0%
Brazil 10910 Conceição do Castelo
0%
Brazil 67825 Conceição do Coité
0%
Brazil 17438 Conceição do Mato Dentro
0%
Brazil 12541 Conceição do Rio Verde
0%
Brazil 10880 Conceição dos Ouros
0%
El Salvador 12197 Concepción Batres
0%
Guatemala 20920 Concepción Chiquirichapa
0%
El Salvador 18101 Concepción de Ataco
0%
Argentina 100728 Concepción del Uruguay
0%
Guatemala 21208 Concepción Huista
0%
Guatemala 12615 Concepción Las Minas
0%
El Salvador 14400 Concepción Quezaltepeque
0%
Guatemala 84138 Concepción Tutuapa
0%
Canada 27168 Conception Bay South
0%
El Salvador 37362 Conchagua
0%
Brazil 22676 Conchal
0%
Chile 133256 Conchalí
0%
Brazil 15232 Conchas
0%
Chile 32273 Concón
0%
Italy 10229 Concordia Sagittaria
0%
Italy 15880 Concorezzo
0%
Angola 89479 Conda
0%
Brazil 24587 Condado
0%
Brazil 20426 Conde
0%
Nicaragua 28481 Condega
0%
Portugal 17078 Condeixa-a-Nova
0%
France 9297 Condé-sur-l’Escaut
0%
Brazil 17053 Condeúba
0%
Vietnam 8827 Côn Đảo
0%
Colombia 14660 Condoto
0%
Italy 34292 Conegliano
0%
United States 8638 Conewago
0%
France 36306 Conflans-Sainte-Honorine
0%
Brazil 35075 Confresa
0%
Moldova 11123 Congaz
0%
United Kingdom 28488 Congleton
0%
Brazil 11083 Congonhal
0%
Brazil 52890 Congonhas
0%
Guatemala 29887 Conguaco
0%
Spain 23996 Conil de la Frontera
0%
United Kingdom 14333 Conisbrough
0%
India 164384 Conjeeveram
0%
United Kingdom 16771 Connahs Quay
0%
United States 12378 Conneaut
0%
United States 8590 Conning Towers Nautilus Park
0%
Colombia 9099 Consacá
0%
Brazil 131621 Conselheiro Lafaiete
0%
Brazil 20824 Conselheiro Pena
0%
Italy 9541 Conselice
0%
Italy 9957 Conselve
0%
United Kingdom 25812 Consett
0%
United States 9235 Conshohocken
0%
Philippines 148012 Consolacion
0%
Cuba 87500 Consolación del Sur
0%
Brazil 10385 Constantina
0%
Dominican Republic 59052 Constanza
0%
Chile 41207 Constitución
0%
Spain 9942 Consuegra
0%
Dominican Republic 60000 Consuelito
0%
India 92226 Contai
0%
Peru 15036 Contamana
0%
Brazil 19128 Contenda
0%
Switzerland 8691 Conthey
0%
Mexico 27610 Contla
0%
Cuba 106002 Contramaestre
0%
Colombia 18112 Convención
0%
Italy 25779 Conversano
0%
United States 28764 Converse
0%
United States 17916 Conyers
0%
United Kingdom 10646 Cookstown
0%
United States 20754 Coolbaugh
0%
Australia 9152 Coolum Beach
0%
Australia 6681 Cooma
0%
Australia 20225 Coomera
0%
India 37740 Coondapoor
0%
India 45954 Coonoor
0%
Costa Rica 13676 Copalchí
0%
Honduras 41542 Copán
0%
Moldova 9138 Copceac
0%
Italy 23033 Copertino
0%
United States 23332 Copiague
0%
Chile 158438 Copiapó
0%
Italy 15673 Copparo
0%
Brazil 9023 Coqueiral
0%
Mexico 14892 Coquimatlán
0%
Chile 204068 Coquimbo
0%
Romania 13527 Corabia
0%
Brazil 25377 Coração de Jesus
0%
Brazil 22495 Coração de Maria
0%
Peru 7420 Coracora
0%
Haiti 22021 Corail
0%
United States 9372 Coral Hills
0%
United States 24051 Coral Terrace
0%
United States 22846 Coralville
0%
United States 41527 Coram
0%
Azerbaijan 12900 Corat
0%
Italy 47033 Corato
0%
France 11196 Corbas
0%
France 53712 Corbeil-Essonnes
0%
Brazil 17470 Corbélia
0%
Spain 15726 Corbera de Llobregat
0%
Italy 18778 Corbetta
0%
United Kingdom 54927 Corby
0%
Italy 21535 Corciano
0%
Philippines 10112 Corcuera
0%
Brazil 20783 Cordeiro
0%
Brazil 24514 Cordeirópolis
0%
Italy 17779 Cordenons
0%
Brazil 19981 Coreaú
0%
Philippines 9479 Corella
0%
Spain 8712 Corella
0%
Brazil 14683 Coremas
0%
United Kingdom 10374 Corfe Mullen
0%
India 8941 Corgao
0%
Italy 10366 Cori
0%
Spain 12114 Coria
0%
Spain 31095 Coria del Río
0%
Italy 10418 Coriano
0%
Brazil 13990 Coribe
0%
Italy 40478 Corigliano Calabro
0%
Australia 11019 Corinda
0%
India 12495 Coringa
0%
United States 22868 Corinth
0%
United States 14450 Corinth
0%
Colombia 33489 Corinto
0%
Brazil 23532 Corinto
0%
Nicaragua 18602 Corinto
0%
El Salvador 10000 Corinto
0%
Italy 10364 Corleone
0%
Italy 20356 Cormano
0%
Canada 8909 Corman Park No. 344
0%
France 27086 Cormeilles-en-Parisis
0%
Italy 20678 Cornaredo
0%
Italy 10794 Cornate d’Adda
0%
France 8571 Cornebarrieu
0%
Italy 11678 Cornedo Vicentino
0%
Brazil 45206 Cornélio Procópio
0%
United States 32009 Cornelius
0%
United States 13700 Cornelius
0%
Canada 19333 Corner Brook
0%
Haiti 54254 Cornillon
0%
United States 10666 Corning
0%
Brazil 10884 Coroaci
0%
Brazil 59566 Coroatá
0%
Bolivia 10647 Corocoro
0%
Bolivia 2319 Coroico
0%
Brazil 28894 Coromandel
0%
United States 9039 Corona de Tucson
0%
Argentina 18115 Coronda
0%
Chile 116262 Coronel
0%
Paraguay 14297 Coronel Bogado
0%
Argentina 11510 Coronel Dorrego
0%
Argentina 9015 Coronel Du Graty
0%
Brazil 104736 Coronel Fabriciano
0%
Brazil 10388 Coronel Freitas
0%
Paraguay 52400 Coronel Oviedo
0%
Argentina 42276 Coronel Suárez
0%
Brazil 23331 Coronel Vivida
0%
Mexico 10347 Coroneo
0%
Albania 4051 Çorovodë
0%
Colombia 70853 Corozal
0%
Belize 13502 Corozal
0%
Puerto Rico 10672 Corozal
0%
Argentina 10407 Corral de Bustos
0%
United States 8557 Corrales
0%
Cuba 24791 Corralillo
0%
Italy 25074 Correggio
0%
Brazil 15727 Correia Pinto
0%
Brazil 27278 Corrente
0%
Brazil 17131 Correntes
0%
Brazil 30583 Correntina
0%
Italy 14670 Corridonia
0%
Spain 9629 Corró de Vall
0%
Portugal 46475 Corroios
0%
United Kingdom 13412 Corsham
0%
United States 25344 Corsicana
0%
Italy 34373 Corsico
0%
India 15000 Cortalim
0%
Mexico 61658 Cortazar
0%
United States 10101 Corte Madera
0%
Italy 21133 Cortona
0%
Portugal 19944 Coruche
0%
Brazil 96268 Corumbá
0%
Brazil 10562 Corumbá de Goiás
0%
Brazil 9164 Corumbaíba
0%
Brazil 11847 Corupá
0%
Brazil 57294 Coruripe
0%
Argentina 10470 Corzuela
0%
Mexico 57147 Cosamaloapan
0%
Mexico 16353 Cosautlán
0%
United Kingdom 12357 Coseley
0%
Italy 63760 Cosenza
0%
United Kingdom 13830 Cosham
0%
United States 11056 Coshocton
0%
Mexico 15577 Cosío
0%
Brazil 66807 Cosmópolis
0%
Brazil 8719 Cosmorama
0%
France 9786 Cosne sur Loire
0%
Malta 5395 Cospicua
0%
Argentina 47785 Cosquín
0%
Italy 13929 Cossato
0%
India 11724 Cossimbāzār
0%
Portugal 11707 Costa de Caparica
0%
Brazil 12627 Costa Marques
0%
Portugal 20454 Costas de Cão
0%
Italy 8783 Costa Volpino
0%
United Kingdom 16694 Costessey
0%
Moldova 10907 Costeşti
0%
Romania 9460 Costeşti
0%
Germany 20561 Coswig
0%
Germany 11468 Coswig
0%
Colombia 32691 Cota
0%
Philippines 325079 Cotabato
0%
Ecuador 10526 Cotacachi
0%
Brazil 13063 Cotegipe
0%
Haiti 33577 Côtes de Fer
0%
Brazil 148987 Cotia
0%
Mexico 19018 Cotija de la Paz
0%
Costa Rica 38453 Coto Brus
0%
Bolivia 26305 Cotoca
0%
United States 15363 Coto de Caza
0%
Colombia 16215 Cotorra
0%
Cuba 74650 Cotorro
0%
United States 23170 Cottage Lake
0%
Suriname 29210 Cottica
0%
United Kingdom 16947 Cottingham
0%
United States 12547 Cottonwood
0%
United States 32984 Cottonwood Heights
0%
Dominican Republic 76554 Cotuí
0%
France 20833 Coudekerque-Branche
0%
France 23541 Couëron
0%
France 15696 Coulommiers
0%
United Kingdom 25695 Coulsdon
0%
United States 51000 Country Club
0%
United States 10017 Country Club
0%
United States 9575 Country Club Estates
0%
United States 16419 Country Club Hills
0%
United States 9521 Countryside
0%
United States 18693 Country Walk
0%
France 81945 Courbevoic
0%
Belgium 31376 Courcelles
0%
France 20020 Cournon-d’Auvergne
0%
France 10160 Courrières
0%
Canada 48917 Courtenay
0%
Belgium 10500 Court-Saint-Étienne
0%
Benin 11885 Coussé
0%
France 8695 Coutras
0%
Trinidad and Tobago 48858 Couva
0%
Belgium 13782 Couvin
0%
France 10011 Couzeix
0%
Cabo Verde 3000 Cova Figueira
0%
Romania 9208 Covasna
0%
Colombia 11270 Coveñas
0%
Portugal 51797 Covilhã
0%
United Kingdom 11640 Cowdenbeath
0%
Australia 990 Cowell
0%
United Kingdom 10445 Cowes
0%
United States 10157 Coweta
0%
United Kingdom 16500 Cowley
0%
United Kingdom 8776 Cowley
0%
Australia 8254 Cowra
0%
Brazil 33459 Coxim
0%
Colombia 28443 Coyaima
0%
Mexico 9936 Coycoyan de las Flores
0%
Chile 61210 Coyhaique
0%
Mexico 41810 Coyotepec
0%
Mexico 42069 Coyuca de Catalán
0%
Mexico 64886 Coyula
0%
South Africa 8626 Cradock
0%
Brazil 25397 Craíbas
0%
United States 9022 Craig
0%
Germany 36239 Crailsheim
0%
United Kingdom 30077 Cramlington
0%
United Kingdom 13409 Cramond
0%
United States 33632 Cranberry
0%
Australia 460491 Cranbourne
0%
Canada 20499 Cranbrook
0%
Netherlands 21001 Cranendonck
0%
France 18330 Cran-Gévrier
0%
United Kingdom 12702 Cranleigh
0%
France 12170 Craponne
0%
Brazil 76390 Crateús
0%
Brazil 133031 Crato
0%
Brazil 133031 Crato
0%
Brazil 34110 Cravinhos
0%
United Kingdom 11226 Crayford
0%
Italy 11160 Creazzo
0%
Italy 33786 Crema
0%
Germany 13266 Cremlingen
0%
Italy 70637 Cremona
0%
Slovenia 1151 Črenšovci
0%
France 14243 Crépy-en-Valois
0%
Italy 10163 Crespellano
0%
Argentina 19536 Crespo
0%
United States 9101 Cresskill
0%
United States 19754 Crest Hill
0%
United States 10431 Crestline
0%
United States 28046 Crestview
0%
United States 12298 Crestwood
0%
United States 10622 Crestwood
0%
France 12389 Creutzwald
0%
Italy 13706 Crevalcore
0%
United States 18643 Creve Coeur
0%
Spain 30585 Crevillente
0%
Moldova 10669 Cricova
0%
United Kingdom 9913 Crigglestone
0%
Croatia 9980 Crikvenica
0%
Germany 18479 Crimmitschau
0%
Brazil 19729 Crisópolis
0%
Italy 13139 Crispiano
0%
Brazil 12886 Crissiumal
0%
Brazil 12197 Cristais
0%
Brazil 34116 Cristalina
0%
Brazil 10374 Cristina
0%
Brazil 18029 Cristinápolis
0%
Brazil 10503 Cristino Castro
0%
Romania 8797 Cristuru Secuiesc
0%
Moldova 6708 Criuleni
0%
Brazil 17065 Crixás
0%
Slovenia 2201 Črna na Koroškem
0%
Serbia 434 Crna Trava
0%
Slovenia 5496 Črnomelj
0%
Brazil 17481 Croatá
0%
United States 29878 Crofton
0%
France 10580 Croissy-sur-Seine
0%
France 20956 Croix
0%
Haiti 284812 Croix-des-Bouquets
0%
Italy 9675 Crosia
0%
France 9606 Crosne
0%
United States 10172 Cross Lanes
0%
United States 12265 Crossville
0%
Italy 58445 Crotone
0%
United Kingdom 21690 Crowborough
0%
United States 19007 Crowley
0%
United States 11554 Crowley
0%
United Kingdom 13533 Croxley Green
0%
United Kingdom 192064 Croydon
0%
United States 9704 Croydon
0%
United States 9211 Crozet
0%
Cuba 28977 Cruces
0%
Italy 15591 Crusinallo
0%
Brazil 58913 Cruz Alta
0%
Brazil 53049 Cruz das Almas
0%
Argentina 30680 Cruz del Eje
0%
Brazil 17461 Cruz do Espírito Santo
0%
Brazil 82571 Cruzeiro
0%
Brazil 23831 Cruzeiro do Oeste
0%
Brazil 91888 Cruzeiro do Sul
0%
Brazil 11600 Cruzeiro do Sul
0%
Mexico 20175 Cruz Grande
0%
Brazil 15362 Cruzília
0%
Brazil 15978 Cruz Machado
0%
Serbia 9001 Crvenka
0%
Canada 9531 Crystal Beach
0%
Hungary 10180 Csömör
0%
Hungary 15409 Csongrád
0%
Hungary 9621 Csorna
0%
Mexico 26627 Cuajinicuilapa
0%
Mozambique 79013 Cuamba
0%
Angola 183767 Cuango
0%
Mexico 10101 Cuapiaxtla de Madero
0%
Spain 15112 Cuarte de Huerva
0%
Philippines 27993 Cuartero
0%
Mexico 10395 Cuatro Ciénegas de Carranza
0%
Mexico 180638 Cuauhtémoc
0%
Mexico 31267 Cuauhtémoc
0%
Mexico 45527 Cuautepec de Hinojosa
0%
Angola 357618 Cubal
0%
Brazil 131626 Cubatão
0%
Spain 17243 Cubellas
0%
Turkey 95449 Çubuk
0%
Guatemala 60706 Cubulco
0%
North Macedonia 274 Čučer-Sandevo
0%
Angola 42974 Cuchi
0%
India 173676 Cuddalore
0%
India 344893 Cuddapah
0%
United Kingdom 10977 Cudworth
0%
Spain 9530 Cuéllar
0%
Angola 56963 Cuemba
0%
Mexico 9848 Cuencamé de Ceniceros
0%
Mexico 27308 Cuerámaro
0%
France 12841 Cuers
0%
Mexico 9572 Cuervos
0%
Belgium 9964 Cuesmes
0%
Cuba 31552 Cueto
0%
Mexico 9166 Cuetzala del Progreso
0%
Mexico 47983 Cuetzalan
0%
Spain 15246 Cuevas del Almanzora
0%
Bolivia 1637 Cuevo
0%
Romania 19473 Cugir
0%
France 20239 Cugnaux
0%
Mexico 9945 Cuicatlan
0%
Mexico 12238 Cuichapa
0%
China 46324 Cuihua
0%
China 51541 Cuihuangkou
0%
Netherlands 24931 Cuijk
0%
Guatemala 46974 Cuilapa
0%
Mexico 21597 Cuilapan de Guerrero
0%
Guatemala 67297 Cuilco
0%
Angola 21004 Cuilo
0%
Angola 69194 Cuímba
0%
El Salvador 12676 Cuisnahuat
0%
Brazil 19719 Cuité
0%
Angola 40829 Cuito Cuanavale
0%
Mexico 28227 Cuitzeo del Porvenir
0%
China 56096 Cuizhuangzi
0%
Brazil 14863 Cujubim
0%
Malaysia 82425 Cukai
0%
Turkey 10252 Çukurca
0%
Turkey 33438 Çukurçayır
0%
Philippines 12972 Culaba
0%
Philippines 44494 Culasi
0%
United Kingdom 11454 Culcheth
0%
Netherlands 29121 Culemborg
0%
Azerbaijan 12500 Culfa
0%
Philippines 23213 Culion
0%
Spain 24181 Cullera
0%
United Kingdom 9202 Cullercoats
0%
Spain 31085 Culleredo
0%
South Africa 8693 Cullinan
0%
United Kingdom 10492 Cullompton
0%
Cuba 47118 Cumanayagua
0%
Ecuador 11442 Cumandá
0%
Colombia 21397 Cumaral
0%
Colombia 43138 Cumaribo
0%
Brazil 15920 Cumaru
0%
Turkey 10908 Cumayeri
0%
Colombia 40492 Cumbal
0%
United States 8638 Cumberland Hill
0%
United Kingdom 50920 Cumbernauld
0%
India 15169 Cumbum
0%
United Kingdom 8830 Cumnock
0%
Romania 14757 Cumpăna
0%
Turkey 67690 Çumra
0%
United States 15626 Cumru
0%
Chile 19063 Cunco
0%
India 20935 Cuncolim
0%
Angola 12620 Cunda diá Baze
0%
Colombia 9544 Cunday
0%
Mexico 137257 Cunduacán
0%
Guatemala 47250 Cunén
0%
Italy 55744 Cuneo
0%
Turkey 10720 Çüngüş
0%
Brazil 22110 Cunha
0%
Portugal 10407 Cunha Alta
0%
Brazil 10953 Cunha Porã
0%
Angola 73826 Cunhinga
0%
Spain 15804 Cunit
0%
Trinidad and Tobago 8768 Cunupia
0%
Italy 9524 Cuorgnè
0%
Philippines 57196 Cupang
0%
United Kingdom 9020 Cupar
0%
Brazil 23518 Cupira
0%
Serbia 9609 Ćuprija
0%
Mexico 17980 Cuquío
0%
Brazil 34180 Curaçá
0%
Chile 16418 Curacautín
0%
Chile 24298 Curacaví
0%
Chile 32288 Curanilahue
0%
India 22730 Curchorem
0%
Mauritius 78618 Curepipe
0%
Chile 9380 Curepto
0%
Chile 136954 Curicó
0%
Brazil 11270 Curimatá
0%
Brazil 40045 Curitibanos
0%
Brazil 13647 Curiúva
0%
Brazil 40791 Currais Novos
0%
Brazil 33903 Curralinho
0%
Costa Rica 28817 Curridabat
0%
Philippines 12215 Currimao
0%
Australia 9797 Currumbin
0%
Romania 25977 Curtea de Argeş
0%
India 14766 Curtorim
0%
Brazil 14117 Curuá
0%
Brazil 26160 Curuçá
0%
Indonesia 176617 Curug
0%
Colombia 23018 Curumaní
0%
Brazil 31558 Cururupu
0%
Argentina 34470 Curuzú Cuatiá
0%
Brazil 80616 Curvelo
0%
Italy 18833 Cusano Milanino
0%
El Salvador 86964 Cuscatancingo
0%
France 13329 Cusset
0%
United States 9181 Cusseta
0%
Brazil 37699 Custódia
0%
Peru 51272 Cutervo
0%
United States 19465 Cutlerville
0%
Argentina 40344 Cutral-Có
0%
Italy 9385 Cutro
0%
Italy 8721 Cutrofiano
0%
Angola 57398 Cuvelai
0%
Philippines 68066 Cuyapo
0%
Philippines 23489 Cuyo
0%
Guatemala 36201 Cuyotenango
0%
United Kingdom 48535 Cwmbran
0%
Rwanda 27416 Cyangugu
0%
Rwanda 44510 Cyanika I
0%
United States 10013 Cypress Gardens
0%
United States 13145 Cypress Lake
0%
Rwanda 62179 Cyuve
0%
Poland 8943 Czarna Białostocka
0%
Poland 10097 Czarnków
0%
Poland 35261 Czechowice-Dziedzice
0%
Poland 30681 Czeladź
0%
Poland 9997 Czersk Pomorski
0%
Poland 13343 Człuchów
0%
No matching quizzes found
Score Distribution
Percent of People with Each Score
Percentile by Number Answered
Your Score History
You have not taken this quiz since the last reset